One Piece - TOUS les Personnages - Statistiques

Statistiques générales
  • Ce quiz a été pris 3 083 fois
    276 depuis la dernière actualisation
  • Le résultat moyen est 136 sur 1622
Statistiques - réponses
Affiliation Indice Réponse % Correct
Équipage du Chapeau de Paille Capitaine Monkey D. Luffy
98%
Équipage du Chapeau de Paille Navigatrice Nami
96%
Pays de Wano Yakuza Cho
94%
Équipage du Chapeau de Paille Second Roronoa Zoro
94%
Équipage du Chapeau de Paille Musicien Brook
93%
Équipage du Chapeau de Paille Archéologue Nico Robin (Miss Allsunday)
93%
Équipage du Chapeau de Paille Medecin Tony Tony Chopper
93%
Équipage du Chapeau de Paille Cuisinier Vinsmoke Sanji
93%
Équipage du Chapeau de Paille Tireur d'Élite Usopp
92%
Équipage du Chapeau de Paille Charpentier Franky (Cutty Flam)
91%
Équipage du Roux Capitaine Figarland Shanks
89%
Équipage du Chapeau de Paille Timonier Jinbe
85%
Équipage de Roger Capitaine Gol D. Roger
84%
Équipage du Chapeau de Paille Bateau Thousand Sunny
83%
Équipage du Chapeau de Paille Bateau Going Merry / Vogue Merry
80%
Skypiea Renard Celeste Su / Soo
75%
Équipage du Roux Tireur d'Élite Yasopp
74%
Équipage du Clown Capitaine Baggy / Buggy
73%
Équipage de Roger Second Silvers Rayleigh
68%
Équipage d'Alvida Capitaine Alvida
67%
Village de Syrup / Sirop Habitant Merry
63%
Baroque Works Patron Crocodile (Mr. 0)
62%
Alabasta Princesse Nefertari D. Vivi (Miss Wednesday)
62%
Équipage d'Arlong Capitaine Arlong
61%
Équipage de Barbe Blanche Capitaine Edward Newgate (Barbe Blanche)
61%
Équipage du Roux Second Benn Beckman / Ben Beckmann
60%
Passé de Ryuma Bandit D.R.
60%
Révolutionnaire Chef d'État Major Sabo
60%
Révolutionnaire Chef Monkey D. Dragon
59%
Équipage de Barbe Blanche 2ème Flotte Portgas D. Ace
58%
Équipage de Barbe Noire Capitaine Marshall D. Teach (Barbe Noire)
57%
Équipage du Roux Cuisinier Lucky Roux / Lucky Roo
56%
Baroque Works Agent Spécial Bentham (Mr. 2 Bon Kurei / Bon Clay)
55%
Marine - Haut Gradé Ex-Vice-Amiral / Instructeur Monkey D. Garp
55%
Baroque Works Agent Spécial Galdino (Mr. 3)
53%
Baroque Works Agent Spécial Babe (Mr. 4)
52%
Révolutionnaire Ancien Officier / Grand Corsaire Bartholomew Kuma (PX-0)
52%
Famille Charlotte Capitaine Charlotte Linlin (Big Mom)
52%
Baroque Works Agent Spécial Daz Bonez / Daz Bones (Mr. 1)
52%
Baroque Works Agent Spécial Gem (Mr. 5)
52%
Marine - Grade Intermédiaire Colonel Koby / Kobby
52%
Pays de Wano Famille Kouzuki Kouzuki Oden
52%
Équipage de Kid Capitaine Eustass Kid / Kidd
51%
Alabasta Capitaine de la Garde Royal Igaram (Mr. 8 / Igarappoi)
51%
Baroque Works Agent des Frontières Mr. 6
51%
Baroque Works Agent des Frontières Mr. 9
51%
Équipage de Roger Navigateur Scopper Gaban (Ya-san)
51%
Baroque Works Agent des Frontières Ancien Mr. 7
50%
Équipage des Géants Capitaine Brogy / Broggy
50%
Baroque Works Agent des Frontières Mr. 7
50%
Équipage du Heart Capitaine Trafalgar D. Water Law
50%
Équipage de Roger Medecin Crocus
49%
Donquixote Family Joker Donquixote Doflamingo / Don Quichotte Doflamingo
49%
Clan d'Enel Dieu Enel / Ener
49%
Marine - Haut Gradé Ex-Amiral /10ème Flotte de Barbe Noire Kuzan (Aokiji)
49%
Équipage de Barbe Blanche 1er Flotte Marco
49%
Marine - Haut Gradé Ex-Amiral / Amiral Commandant en Chef Sakazuki (Akainu)
49%
Baratie Patron Zeff
49%
Équipage des Kujas Imperatrice Pirate Boa Hancock
48%
Équipage du Roux Combattant Gab
48%
Équipage aux Cent Bêtes Capitaine Kaidou / Kaidô
48%
Armada de Krieg Amiral Krieg
48%
Baroque Works Agent des Frontières Mr. 10
48%
Baroque Works Unluckies Mr. 13
48%
Baroque Works Agent des Frontières Mr. 11
47%
Baroque Works Agent des Frontières Mr. 12
47%
Marine - Haut Gradé Vice-Amiral Smoker
47%
Révolutionnaire Chef de l'Armée de Grand Line Emporio Ivankov
46%
Thriller Bark Capitaine Gecko Moria
46%
Équipage de Bonney Capitaine Jewelry Bonney
46%
Alabasta Roi Nefertari D. Cobra
46%
Roi du Monde Marie Geoise Nerona Imu
46%
Pays de Wano Samouraï Zangirimaru / Jo
46%
Marine - Haut Gradé Amiral Borsalino (Kizaru)
45%
Équipage des Géants Capitaine Dorry
45%
Équipage du Chat Noir Capitaine Kuro (Klahadore / Klahadoll)
45%
Royaume de Black Drum Roi Wapol
45%
Allié de Barbe Blanche Capitaine AO
44%
Famille Charlotte 2ème Fils / Ministre Farine Charlotte Katakuri / Dent-de-Chien
44%
Egghead Scientifique Vegapunk / Stella
44%
Équipage aux Cent Bêtes Okanban Arber / Alber (King)
43%
CP9 / CP0 Gouvernement Mondiale Kaku
43%
Pays de Wano Yakuza Kaku
43%
CP9 / CP0 Gouvernement Mondiale Rob Lucci
43%
Équipage de Hawkins Capitaine Basil Hawkins
42%
Marine - Haut Gradé Ex-Amiral Commandant en Chef /Inspecteur Général Sengoku
42%
Équipage du Renard Argenté Capitaine Foxy
41%
Équipage d'Arlong Officier Hatchan / Octy
41%
Alabasta Medecin Royal Ho
41%
Équipage de Kid Second Killer (Kamazo)
41%
Équipage aux Cent Bêtes Okanban Scien (Queen)
41%
Île de Kuraigana / Ceglok Grand Corsaire Dracule Mihawk
40%
Équipage du Heart Membre Jean Bart
40%
Punk Hazard Yeti Cool Brothers Rock
40%
Équipage de Drake Capitaine X Drake
40%
Village de Cocoyasi / Kokoyashi Habitante / Ex-Marine Bell-mère / Belmer
39%
Zou Mousquetaire Carrot
39%
Royaume de Goa Famille Dadan Curly Dadan
39%
Elbaph Enfant de l'École du Morse Mag
39%
Marine - Grade Intermédiaire Ex-Colonel Morgan
39%
Personne Devenue Zombie Géant Antique Oars / Oz
39%
Thriller Bark Super Zombie Oars / Oz [Zombie]
39%
Marine - Autre Grade Lieutenant Commandant Helmeppo / Hermep
38%
Impel Down - Geôlier Ex-Directeur / Vice-Directeur Magellan
38%
Pays de Wano - Capital des Fleurs Village d'Ebisu Hanko / Han
37%
Royaume de Sakura Medecin Hiluluk / Hiriluk
36%
Marine - Haut Gradé Amiral Issho (Fujitora)
36%
Pays de Wano Famille Kouzuki Kouzuki Momonosuke / Kôzuki Momonosuke
36%
Elbaph Prince Loki
36%
Alabasta Commandant de la Garde Royal Pell
36%
Thriller Bark Trois Mysterieux Perona
36%
Barto Club Capitaine Bartolomeo
35%
Île des Hommes Poissons Roi Neptune
35%
Marine - Grade Intermédiaire Colonel Tashigi
35%
Punk Hazard Master Caesar Clown / César Clown(Gangster Gastino)
34%
Village de Syrup / Sirop Habitante Kaya
34%
Révolutionnaire Membre Koala
34%
Cap des Jumeaux Animal Laboon
34%
Baroque Works Agent Spéciale Mikita (Miss Valentine)
34%
20 Souverains Fondateurs Reine Nefertari D. Lili / Lillie
34%
Équipage des Rocks Capitaine Rocks D. Xebec / Davy D. Xebec
34%
Water Seven Tom's Workers Tom
34%
Équipage du Heart Navigateur Bepo
33%
Donquixote Family Ancien Siège de Cœur / Lieutenant Colonel de la Marine Donquixote Rosinante (Corazon)
33%
Équipage des Moines Dépravés Capitaine Urouge
33%
Gorosei Dieu Guerrier de la Science et de la Défense Jaygarcia Saturn
32%
Équipage des Rocks Membre John
32%
Équipage du Fire Tank Capitaine Capone Bege
31%
Water Seven Maire / Président de la Galley-La Company Icebarg / Iceburg
31%
Équipage aux Cent Bêtes Okanban Jack
31%
CP9 / CP0 Gouvernement Mondiale Kalifa
31%
Baroque Works Agent des Frontières Miss Monday
31%
Pays de Wano Famille Shimotsuki Shimotsuki Ryuma
31%
Thriller Bark Général Zombie Shimotsuki Ryuma [Zombie]
31%
Île des Hommes Poissons Princesse Shirahoshi
31%
Famille Charlotte 10ème Fils / Ministre Biscuit Charlotte Cracker
30%
Armada de Krieg Commandant Gin / Gyn
30%
Équipage de Barbe Noire 1er Flotte Jesus Burgess
30%
Royaume d'Eigis / Yuni Roi Tea IV
30%
Équipage du New Age Capitaine Bellamy
29%
Équipage de Caribou Capitaine Caribou
29%
Famille Charlotte 35ème Fille Charlotte Pudding
29%
Pays de Wano Fourreaux Rouges Kinemon / Kin'emon
29%
Gorosei Dieu Guerrier de l'Environnement Marcus Mars
29%
Équipage du Lion d'Or Capitaine Shiki
29%
Village Shimotsuki Famille Shimotsuki Shimotsuki Kuina
29%
Nouvel Équipage des Hommes Poissons Capitaine Hody Jones
28%
Thriller Bark Général Zombie John [Zombie]
28%
Royaume de Sakura Medecin Kureha
28%
Pays de Wano Famille Kurozumi Kurozumi Kanjuro
28%
Baroque Works Agent des Frontières Miss Tuesday
28%
Royaume de Lvneel Explorateur Mont Blanc Noland / Norland
28%
Village de Cocoyasi / Kokoyashi Habitante Nojiko
28%
Zou Gardien Pedro
28%
Donquixote Family Siège de Pique Pica
28%
Équipage du On Air Capitaine Scratchmen Apoo
28%
Équipage du Chat Noir Nyaban Brothers Sham
28%
Gorosei Dieu Guerrier de l'Agriculture Shepherd Ju Peter
28%
Roi des Snipers Héros Sogeking / Sniperking
28%
Révolutionnaire Second de l'Armée de Grand Line Inazuma
27%
Alabasta Éscadron des Supers Canards Karoo / Kaloo
27%
Baroque Works Unluckies Miss Friday
27%
Baroque Works Agent des Frontières Miss Thursday
27%
Dieu du Soleil Dieu Nika
27%
Île des Hommes Poissons Habitante Nika / Méda-deux
27%
Dressrosa Princesse Rebecca
27%
Équipage de Barbe Noire 2ème Flotte Shiryu / Shiliew
27%
Équipage de Barbe Blanche 5ème Flotte Vista
27%
Clan d'Enel Commandant de la Garde Divine Yama
27%
Pays de Wano Vassal Kouzuki Yama (Dieu de la Montagne) / Gromont
27%
Thriller Bark Trois Mysterieux Absalom
26%
Créateur du Davy Back Fight Pirate Davy D. Jones
26%
Île des Animeaux Rares Habitant Gaimon
26%
Nouvel Équipage des Géants Capitaine Hajrudin
26%
Siècle Oublié Premier Pirate Joy Boy
26%
Gorosei Dieu Guerrier de la Justice Topman Warcury
26%
Équipage du Clown Chef d'État Major Cabaji
25%
Famille Charlotte 23ème Fille / Ancienne Ministre Chocolat Charlotte Lola / Laura
25%
Marine - Autre Grade Lieutenant Commandant /Ancien Capitaine du Chat Noir Jango
25%
Équipage de Barbe Blanche 3ème Flotte Jozu / Joz
25%
Thriller Bark Zombie Sauvage Lola / Laura [Zombie]
25%
Baterilla Femme du Roi des Pirates Portgas D. Rouge
25%
Donquixote Family Armée de Carreau Senor Pink
25%
CP9 / CP0 Gouvernement Mondiale Spandam
25%
Germa 66 Prince Vinsmoke Niji
25%
Princesse Démone Oden Kouzuki Yamato
25%
CP9 / CP0 Gouvernement Mondiale Blueno
24%
Famille Charlotte 1er Fils / Ministre Bonbon Charlotte Perospero / Slurp
24%
Orange Town Chien Chouchou
24%
Équipage d'Ideo Capitaine Ideo
24%
Royaume Tontatta Guerrier Leo
24%
Baroque Works Agent Spéciale Marianne (Miss Goldenweek)
24%
Baroque Works Agent des Frontières Miss Saturday
24%
Germa 66 Roi Vinsmoke Judge
24%
Équipage de Barbe Noire 6ème Flotte Catarina Devon
23%
Équipage des Magnifiques Pirates Capitaine Cavendish
23%
Famille Charlotte 14ème Fille / Ministre Jus Charlotte Smoothie
23%
Donquixote Family Siège de Carreau Diamante
23%
Royaume de Sakura Roi Dolton / Dalton
23%
Baroque Works Agent Spéciale Drophy (Miss Merrychristmas)
23%
Pays de Wano - Capital des Fleurs Civil Hara
23%
Elbaph Professeur d'Histoire /Ancien Vice-Amiral de la Marine Jaguar D. Saul / Haguar D. Sauro
23%
Pays de Wano Famille Kurozumi Kurozumi Tama
23%
Équipage de Barbe Noire 5ème Flotte Laffitte
23%
Royaume de Chaco Roi Mari
23%
Équipage du Roux Messager Rockstar
23%
Archipel Sabaody Ancienne Imperatrice Shakuyaku (Shakky)
23%
CP0 Gouvernement Mondiale Stussy
23%
Marine - Haut Gradé Amiral Aramaki (Ryokugyu)
22%
Équipage d'Arlong Officier Chew / Smack
22%
Gorosei Dieu Guerrier des Finnances Ethanbaron V. Nusjuro
22%
Équipage des Pirates du Soleil Capitaine Fisher Tiger
22%
Donquixote Family Officière Monet
22%
Zou Maître Nocturne Nekomamushi / Chavipère
22%
Village de Syrup / Sirop Habitant Ninjin / Carotte
22%
Dressrosa Princesse Riku Viola (Violette)
22%
Village de Syrup / Sirop Habitant Tamanegi / Oignon
22%
Germa 66 Prince Vinsmoke Ichiji
22%
Germa 66 Princesse Vinsmoke Reiju
22%
Homies Nuage Zeus
22%
Famille Charlotte 4ème Fils / Ministre Cuisson Charlotte Oven
21%
Gorosei / Chevalier Divin Dieu Guerrier de la Science et de la Défense / Ancien Chef Figarland Garling
21%
Chevalier Divin Chef Figarland Shamrock
21%
Elbaph / Erbaf Ancien Roi Harald
21%
Chef des Armées Gouvernement Mondiale Kong
21%
Équipage de Barbe Noire Membre Maki
21%
Famille Charlotte 8ème Fille Charlotte Brûlée
20%
Île des Hommes Poissons Revêteur de Navires Den
20%
Révolutionnaire Membre Hack
20%
Ohara Archéologue Hack
20%
Zou Duc Diurne Inuarashi / Caborage
20%
Egghead Scientifique Punk-02 Lilith
20%
World Economic Journal Directeur Morgans
20%
Water Seven Charpentier de la Galley-La Company Paulie / Pauly
20%
Armada de Krieg 2ème Commandant Pearl
20%
Donquixote Family Armée de Trèfle Sugar
20%
Donquixote Family Siège de Trèfle Trebol
20%
Équipage aux Cent Bêtes Tobiroppo Ulti
20%
Germa 66 Prince Vinsmoke Yonji
20%
Baroque Works Agent Spéciale Zala (Miss Doublefinger / Paula)
20%
Donquixote Family Armée de Pique Baby 5
19%
Équipage de Barbe Noire 9ème Flotte Doc Q
19%
Équipage de Barbe Blanche 16ème Flotte Izou / Izô
19%
Chasseur de Primes Pècheur Johnny
19%
Alabasta Armée Rebelle Koza
19%
Équipage du New Age Membre Lily
19%
Baroque Works Millions Love
19%
Royaume de Goa Village de Foosha / Fuchsia Makino
19%
Équipage du Clown Second Mohji / Morge
19%
Shandia Guerrier Wyper / Wiper
19%
Équipage aux Cent Bêtes Tobiroppo Black Maria
18%
Équipage des Kujas Sœurs Gorgognes Boa Sandersonia
18%
Île des Hommes Poissons Café des Sirènes Camie / Keimi
18%
Impel Down - Geôlier Ex-Vice-Directeur / Directeur Hannyabal
18%
Marine - Grade Intermédiaire Sous-Amiral Hina
18%
CP9 / CP0 Gouvernement Mondiale Jabra / Jabura
18%
Pays de Wano Famille Kurozumi Kurozumi Orochi
18%
Ohara Archéologue Nico Olvia
18%
Village de Syrup / Sirop Habitant Piiman / Piment
18%
Équipage de Barbe Noire 3ème Flotte Van Augur / Van Auger
18%
Alabasta Commandant de l'Armée Royal Chaka
17%
Ohara Archéologue Clou D. Clover / Claw D. Clover
17%
Marine - Autre Grade Lieutenant Commandant Fullbody
17%
Révolutionnaire Chef de l'Armée du Nord Karasu / Corbeau
17%
Dressrosa Gladiateur Kyros
17%
Équipage d'Arlong Vache des Mers Momoo / Meuh-Meuh
17%
Équipage aux Cent Bêtes Tobiroppo Page One
17%
Easter Egg Lutteur Panda Pandaman
17%
Pays de Wano Fourreaux Rouges Raizo
17%
Dressrosa Roi Riku Doldo III / Dold (Ricky)
17%
Flotte Happo /Marine des Huits Trésors Capitaine Sai
17%
Équipage de Barbe Blanche 4ème Flotte Thatch
17%
Marine - Haut Gradé Vice-Amiral Tsuru
17%
Pays de Wano - Kuri Village d'Okobore / Village des Restes Tsurujo
17%
Donquixote Family Ancien Siège de Cœur Vergo
17%
Équipage aux Cent Bêtes Tobiroppo Who's-Who
17%
Forces Spécials Simiesques / Alliance Saruyama Chef Mont Blanc Cricket
16%
Baratie Cuisinier Patty
16%
Équipage de Barbe Noire 4ème Flotte Avalo Pizarro
15%
Révolutionnaire Cheffe de l'Armée de l'Est Belo Betty
15%
Équipage des Kujas Sœurs Gorgognes Boa Marigold
15%
Punk Hazard Centaure Chadros Higelyges (Barbe Brune)
15%
Exocet Riders / La-vie-en-rose Riders Chef Duval
15%
"Famille" de Barbe Blanche "Fils" de Barbe Blanche Edward Weevil / Weeble
15%
Village de Cocoyasi / Kokoyashi Policier Genzo
15%
Thriller Bark Trois Mysterieux Hogback
15%
Allié de Barbe Blanche /Équipage des Little Pirates Capitaine Little Oars Jr. / Little Oz Jr.
15%
Chevalier Divin Membre Manmayer Gunko (Shuri / Sully)
15%
Île des Hommes Poissons Chanteuse Maria Napole
15%
Homies Chapeau Napoleon
15%
Île des Hommes Poissons Reine Otohime
15%
Équipage du Clown Lion Richie
15%
Dragon Céleste Famille Rosward Rosward Charlos
15%
Egghead Scientifique Punk-01 Shaka
15%
Île de Sphinx Sphinx Tama
15%
Premier Capitaine du Hollandais Volant Capitaine Vander Decken
15%
Zou Animal Antique Zunesha / Zunesh
15%
Famille Charlotte 22ème Fille / Ministre Moelleux Charlotte Chiffon
14%
Skypiea Habitante Conis
14%
Équipage de Caribou Co-Capitaine Coribou
14%
Amazon Lily Ancienne Imperatrice Gloriosa (Nyon)
14%
Participant du Corrida Colloseum Gladiateur Hera
14%
Homies Nuage Hera
14%
Pays de Wano Fourreaux Rouges Kikunojo
14%
Pays de Wano Famille Kouzuki Kouzuki Toki
14%
Donquixote Family Armée de Carreau Lao G
14%
Île des Hommes Poissons Designer de Criminal Pappag
14%
Équipage du Heart Membre Penguin
14%
Homies Soleil Prometheus / Prométhée
14%
Elegia Chanteuse Uta
14%
Egghead Scientifique Punk-06 York
14%
Pays de Wano Fourreaux Rouges Ashura Doji (Shutenmaru)
13%
Famille Charlotte 19ème Fils / Ministre du Fromage Charlotte Mont-d'Or
13%
Flotte Happo / Marine des Huits Trésors Ancien Capitaine Chinjao
13%
Egghead Scientifique Punk-03 Edison
13%
Skypiea Dieu Gan Fall / Gan Forr
13%
Water Seven Cheffe de Gare Kokoro
13%
Pays de Wano Famille Kouzuki Kouzuki Hiyori (Komurasaki)
13%
Révolutionnaire Chef de l'Armée de l'Ouest Morley
13%
Clan d'Enel Prélat Ohm / Om
13%
Équipage de Big Mom Officier Pekoms (Nazoms)
13%
Siècle Oublié Arme Antique Poseidon
13%
Egghead Colonel Scientifique de la Marine Sentomaru
13%
Marine - Grade Intermédiaire Colonel Shu
13%
Egghead Seraphim S-Snake
13%
Équipage de Barbe Noire 8ème Flotte Vasco Shot
13%
Chasseur de Primes Pècheur Yosaku
13%
Famille Charlotte 3ème Fils / Ministre Haricot Charlotte Daifuku
12%
Famille Charlotte 29ème Fils Charlotte Montb / Mont-Blanc
12%
Pays de Wano Fourreaux Rouges Denjiro (Kyoshiro)
12%
Shandia Ancien Guerrier Kalgara / Calgara
12%
Pays de Wano Fourreaux Rouges Kawamatsu
12%
Amazon Lily Habitante Kiku
12%
Skypiea Oiseau Pierre
12%
Orange Town Habitant Poro / Polo
12%
Egghead Scientifique Punk-04 Pythagoras / Pythagore
12%
Équipage de Barbe Noire 7ème Flotte Sanjuan Wolf
12%
Egghead Seraphim S-Hawk
12%
Équipage des Pirates du Soleil Membre Aladine / Aladdin
11%
Egghead Scientifique Punk-05 Atlas
11%
Thriller Bark Zombie Sauvage Cerberus / Cerbère
11%
Chevalier Divin Chiens-Sabre Cerberus / Cerbère
11%
Famille Charlotte 5ème Fils / Ministre de la Crème Fraîche Charlotte Opera
11%
Donquixote Family Armée de Carreau Dellinger
11%
Révolutionnaire Ancienne Cheffe de l'Armée de l'Est Ginny / Ginney
11%
Impel Down - Geôlier Cheffe de la Garde Démoniaque Sadi
11%
Équipage aux Cent Bêtes Tobiroppo Sasaki
11%
Egghead Seraphim S-Bear
11%
Allié de Barbe Blanche /Équipage des Spider Malstrom Capitaine Squard / Squardo
11%
Allié de Barbe Noire Capitaine Barbe Rose
10%
Agent d'Enies Lobby Juge Bas (Baskerville de Gauche)
10%
Flotte Happo / Marine des Huits Trésors Second Boo
10%
Équipage du Chat Noir Nyaban Brothers Buchi
10%
Famille Charlotte 3ème Fille / Ministre Noix Charlotte Amande
10%
Egghead Robot Géant Antique Emet / Emeth
10%
Île des Hommes Poissons Prince Fukaboshi
10%
Marine - Autre Grade G-5 Gal
10%
Franky Family King Bull Gomorrah / Gomorrhe
10%
Archipel de Boin / Boing Guerrier Heracles
10%
Équipage des Rocks Membre Kyo "Hache d'Argent"
10%
Équipage du Roux Combattant Limejuice
10%
Révolutionnaire Chef de l'Armée du Sud Lindbergh
10%
Équipage des Kujas Membre Marguerite / Margaret
10%
Impel Down - Geôlier Garde Démoniaque Minotaurus / Minotaure
10%
Marine - Haut Gradé Vice-Amiral Momonga
10%
Équipage du Roux Musicien Monster
10%
Alabasta Reine Nefertari D. Titi
10%
Équipage des Géants Membre Oimo
10%
Alliée du Roux Capitaine Oli
10%
Egghead Pacifistas PX-5
10%
Pays de Wano Famille Shimotsuki Shimotsuki Yasuie (Tonoyasu)
10%
Franky Family King Bull Sodom
10%
Egghead Seraphim S-Shark
10%
Équipage de Big Mom Cavalier Tamago (Hiyoko / Niwatori) /Delœuf (Dupoussin / Ducoq)
10%
Alabasta Village de Yuba Toto
10%
Logue Town Habitante Yu
10%
"Famille" de Barbe Blanche "Femme" de Barbe Blanche Buckingham Stussy (Miss Buckin)
9%
Baratie Cuisinier Carne
9%
Famille Charlotte 25ème Fils / Ministre de la Friture Charlotte Snack
9%
CP9 / CP0 Gouvernement Mondiale Fukurou / Fukurô
9%
Donquixote Family Armée de Pique Gladius
9%
Franky Family Square Sisters Kiwi
9%
Équipage d'Arlong Officier Kuroobi
9%
Royaume Tontatta Princesse Mansherry / Manshelly
9%
Marine - Grade Intermédiaire Colonel Nezumi
9%
Egghead Pacifistas PX-1
9%
Egghead Pacifistas PX-2
9%
Egghead Pacifistas PX-3
9%
Egghead Pacifistas PX-4
9%
Clan d'Enel Prélat Satori
9%
Chevalier Divin Membre Shepherd Sommers
9%
Île des Hommes Poissons Café des Sirènes Shyarly
9%
Île des Hommes Poissons Café des Sirènes Sora
9%
Personnage Fictif du WEJ Marine Sora
9%
Équipage aux Cent Bêtes Shinuchi Speed
9%
Pays de Wano Famille Shimotsuki Toko
9%
Germa 66 Reine Vinsmoke Sora
9%
Zou Mousquetaire Wanda
9%
Île de Swallow Scientifique Wolf
9%
Elbaph Professeur d'Éducation Physique Wolf
9%
Équipage d'Ideo Membre Abdullah
8%
Équipage du Roux Musicien Bonk Punch
8%
Donquixote Family Armée de Pique Buffalo
8%
Équipage du Roux Navigateur Building Snake
8%
Elbaph Bergerie Carmel / Caramel
8%
Famille Charlotte 17ème Fils / Ministre Tourte Charlotte Compo
8%
Royaume de Sakura Ex-Chef d'État-Major Crapuleux Chess
8%
Équipage du Faux Chapeau de Paille Membre Chocolat
8%
Équipage de Kid Membre Compo
8%
Marine - Haut Gradé Vice-Amiral Dalmatian / Dalmatien
8%
Clan d'Enel Prélat Gedatsu
8%
Nouvel Équipage des Géants Medecin Gerd
8%
Équipage du Renard Argenté Membre Hamburg
8%
Équipage de Kid Membre Heat
8%
Royaume de Goa Brigand Higuma
8%
Équipage du Roux Medecin Hongo
8%
Elbaph Ancien Équipage des Géants Jarul / Yarle
8%
Équipage des Géants Membre Kashii / Kaashii
8%
Île des Hommes Poissons Prince Manboshi / Mamboshi
8%
Archipel Sabaody Infirmière Marie
8%
Impel Down - Geôlier Garde Démoniaque Minokoala
8%
Impel Down - Geôlier Garde Démoniaque Minozebra / Minozèbre
8%
Baroque Works Agent des Frontières Miss Father's Day
8%
Water Seven Charpentier de la Galley-La Company Peeply Lulu
8%
Clan d'Enel Prélat Shura
8%
Punk Hazard Créature Artificielle Smiley
8%
Personne Devenue Zombie Actrice Victoria Cindry
8%
Thriller Bark Soldat Zombie Victoria Cindry [Zombie]
8%
Shandia Habitante Aisa
7%
Zou Gardien Blackback (BB)
7%
Équipage de Barbe Blanche 6ème Flotte Blamenco
7%
Water Seven Habitante Chimney
7%
Équipage du Faux Chapeau de Paille Capitaine Demalo Black / Demaro Black
7%
Marine - Haut Gradé Vice-Amiral Doberman
7%
Marine - Haut Gradé Vice-Amiral Doll
7%
Donquixote Family Armée de Trèfle Giolla / Jora
7%
Pays de Wano - Capital des Fleurs Civile Hana
7%
Pays de Wano Yakuza Hyougoro / Hyôgoro
7%
CP9 / CP0 Gouvernement Mondiale Kumadori
7%
Royaume de Sakura Ex-Administrateur Véreux Kuromarimo
7%
Personne d'ont l'Ombre a été Volée Civile Margarita
7%
Baroque Works Agent des Frontières Miss Mother's Day
7%
Équipage de Barbe Blanche 8ème Flotte Namur
7%
Easter Egg Fille Panda Pandawomanmi
7%
Famille Charlotte 25ème Marie Pound
7%
Marine - Grade Intermédiaire Sous-Amiral Prince Grus / Gles
7%
Egghead Pacifistas PX-7
7%
Dressrosa Princesse Riku Scarlett
7%
Chevalier Divin Membre Rimoshifu Killingham /Limochiv Kiringham
7%
Egghead Seraphim S-Crocodile
7%
Egghead Seraphim S-Flamingo
7%
Équipage du Heart Membre Shachi
7%
Long Ring Long Land Cheeeval Shelly
7%
Pays de Wano Vassal Kouzuki Shinobu
7%
Ancien CP9 Gouvernement Mondiale Spandine
7%
Royaume de Goa Roi Sterry / Stelly
7%
Équipage de Barbe Noire Cheval Stronger
7%
Nouvel Équipage des Hommes Poissons Kraken Surume / Surimi
7%
Marine - Haut Gradé Vice-Amiral T Bone
7%
Famille Trafalgar Sœur de Law Trafalgar D. Water Lami
7%
Équipage du Fire Tank Membre Vito
7%
Skypiea Gardienne des Portes de Skypiea Amazon
6%
Village de Syrup / Sirop Habitante Banchina / Bankina
6%
Marine - Haut Gradé Vice-Amiral Bastille
6%
Orange Town Maire Boodle / Buddle
6%
Équipage des Pirates Bonbons Capitaine Candy
6%
Famille Charlotte Petit Fils Capone Pez / Pets
6%
Famille Charlotte 1ère Fille / Ministre Fruit Charlotte Compote
6%
Famille Charlotte 36ème Fille / Ministre Miel Charlotte Flampe
6%
Famille Charlotte 19ème Fille Charlotte Poire
6%
Équipage de Barbe Blanche 10ème Flotte Curiel
6%
Archipel Sabaody Vendeur d'Esclaves Disco
6%
Impel Down - Geôlier Gardienne en Chef Domino
6%
Famille Donquixote Père de Doflamingo Donquixote Homing
6%
Dragon Céleste Famille Donquixote Donquixote Mjosgard / Myosgard
6%
Royaume de Prodence Roi Elizabello II
6%
CP9 / CP0 Gouvernement Mondiale Funkfreed
6%
Water Seven Chlapin Gonbe
6%
Allié de l'Équipage aux Cent Bêtes Ancien Grand Corsaire Hanafuda
6%
Marine - Autre Grade Lieutenant Colonel Hibari
6%
Clan d'Enel Lieutenant de la Garde Divine Hotori
6%
Marine - Haut Gradé Vice-Amiral John Giant
6%
Elbaph Ancien Équipage des Géants Jorul / Yorle
6%
Marine - Grade Intermédiaire Sous-Amiral Kujaku
6%
Équipage des Maquereaux Capitaine Macro
6%
Île de Karakuri / Baldimore Automate Macro
6%
Impel Down - Geôlier Garde Démoniaque Minorhinoceros
6%
Punk Hazard Enfant Mocha
6%
Franky Family Square Sisters Mozu
6%
CP9 Gouvernement Mondiale Nero
6%
Thriller Bark Soldat Zombie Nin
6%
Flotte Yonta Maria Amiral Orlumbus
6%
Elbaph Marteau-Écureil Ragnir
6%
Dragon Céleste Famille Rosward Rosward Rosward / Roswald
6%
Île des Hommes Poissons Ministre Sadaijin / Senestre / Ministre de la Gauche
6%
Impel Down - Geôlier Chef de la Garde Saldeath
6%
Village de Cocoyasi / Kokoyashi Habitant Sam
6%
Équipage du New Age Second Sarquiss
6%
Village Shimotsuki Famille Shimotsuki Shimotsuki Koushirou / Kôshirô
6%
Village Shimotsuki Famille Shimotsuki Shimotsuki Kouzaburou / Kôzaburô
6%
Île des Hommes Poissons Ministre Udaijin / Dextre / Ministre de la Droite
6%
Équipage des Pirates Volants Membre Wadatsumi
6%
CP7 Gouvernement Mondiale Wanze
6%
Équipage de Kid Membre Wire
6%
Équipage du Rumbar Capitaine Yorki
6%
Agent d'Enies Lobby Juge And (Baskerville du Centre)
5%
Équipage de Barbe Blanche 9ème Flotte Blenheim
5%
Royaume de Goa Équipage Pirate Bluejam
5%
Shandia Guerrier Braham
5%
Famille Charlotte 39ème Fille Charlotte Anana / Ananas
5%
Famille Charlotte 15ème Fille / Ministre Œuf Charlotte Citron
5%
Famille Charlotte 21ème Fille / Ministre Design Charlotte Praline
5%
Équipage aux Cent Bêtes Shinuchi Daifugo / Trouduc
5%
Royaume de Goa Famille Dadan Dogra
5%
CP0 Gouvernement Mondiale Guernika
5%
CP9 / CP0 Gouvernement Mondiale Hattori
5%
Agent d'Enies Lobby Juge Kerville (Baskerville de Droite)
5%
Homies Arbre Kingbaum
5%
Thriller Bark Zombie Sauvage Kumashi / Kumacy
5%
Baroque Works Chien-Fusil Lassoo
5%
Donquixote Family Armée de Carreau Machvise
5%
Forces Spécials Simiesques / Alliance Saruyama Commandant Masira
5%
Équipage du Spade Membre Masked Deuce
5%
Impel Down - Geôlier Garde Démoniaque Minochihuahua
5%
Skypiea Habitant Pagaya
5%
Équipage du Renard Argenté Membre Porche
5%
Shandia Guerrière Raki / Laki
5%
Équipage des Kujas Membre Ran
5%
Île des Hommes Poissons Prince Ryuboshi
5%
Egghead Seraphim S-Gekko
5%
Zou Trois Mousquetaire Shishilian / Sicilian
5%
Forces Spécials Simiesques / Alliance Saruyama Commandant Shoujou / Shôjô
5%
Équipage de Barbe Blanche 14ème Flotte Speed Jiru / Speed Jill
5%
Nouvel Équipage des Géants Charpentier Stansen
5%
Village Shimotsuki Famille Roronoa Tera
5%
Water Seven Souris Tyrannosaurus / Tyrannosaure
5%
Révolutionnaire Seconde de l'Armée de l'Est Ahiru / Canard
4%
Allié de Barbe Blanche Capitaine Andre
4%
Elbaph Professeur de Langue Ange
4%
Équipage des Kujas Membre Aphelandra
4%
Équipage de Barbe Blanche 13ème Flotte Atmos
4%
Baroque Works Tortue Banchi
4%
Thriller Bark Soldat Zombie Bao
4%
Impel Down - Geôlier Bête Féroce Basilisk / Basilic
4%
Équipage aux Cent Bêtes Gifters Batman
4%
Royaume Tontatta Guerrière Bian / Bee Anne
4%
Équipage d'Ideo Membre Blue Gilly
4%
Marine - Haut Gradé Vice-Amiral Bluegrass
4%
Participant du Corrida Colloseum Frères Assassins Bobby Funk
4%
Marine - Autre Grade Grade Inconnu Bogard / Bogart
4%
Royaume de Deul Roi Chap
4%
Famille Charlotte 18ème Fille / Ministre Beurre Charlotte Galette
4%
Famille Charlotte 34ème Fils / Ministre de la Vaisselle Charlotte Mascarpone
4%
Famille Charlotte 16ème Fils / Ministre Gelato Charlotte Moscato
4%
Elbaph Habitant Colon / Koron
4%
Royaume de Sorbet Reine Douairière Conney
4%
Nouvel Équipage des Hommes Poissons Officier Daruma
4%
Nouvel Équipage des Hommes Poissons Officier Dosun
4%
Équipage de Barbe Blanche 15ème Flotte Fossa
4%
Pays de Wano Oniwabanshu Fukurokuju
4%
Nouvel Équipage des Géants Cuisinier Goldberg
4%
Équipage du Fire Tank Membre Gotti
4%
Équipage de Barbe Blanche 12ème Flotte Haruta
4%
Thriller Bark Zombie Sauvage Hildon
4%
Équipage aux Cent Bêtes Shinuchi Holdem / Holed'em
4%
Royaume de Goa Village de Foosha / Fuchsia Hoop Slap / Woop Slap
4%
Elbaph Première Femme du Roi Ida
4%
Logue Town Marchand de Sabres Ipponmatsu
4%
Shandia Habitante Isa
4%
Équipage d'Ideo Membre Jeet
4%
Royaume Tontatta Guerrier Kabu
4%
Shandia Guerrier Kamakiri
4%
Participant du Corrida Colloseum Frères Assassins Kelly Funk / Kerry Funk
4%
Clan d'Enel Lieutenant de la Garde Divine Kotori
4%
CP0 Gouvernement Mondiale Maha
4%
Île des Hommes Poissons Requin Megalo
4%
Village de Cocoyasi / Kokoyashi Habitante Mummy Mee / Mamy Mee
4%
Équipage des Rocks Membre Ochoku
4%
Royaume de Goa Noble Outlook III
4%
Équipage d'Alvida Membre Peppoko
4%
Équipage de Polo Capitaine Polo Gram
4%
Équipage de Barbe Blanche 7ème Flotte Rakuyo
4%
Légende d'Elbaph Écureil des Glaces Ratatoskr / Ratatosk
4%
Shells Town Habitante Rika
4%
Nouvel Équipage des Géants Navigateur Road
4%
Équipage de l'Exécuteur Capitaine Roshio
4%
Équipage du New Age Épéiste Ross / Roth
4%
Royaume de Goa Reine Sarie Nantokanette / Sally Entoilette
4%
Punk Hazard Yeti Cool Brothers Scotch
4%
Équipage aux Cent Bêtes Membre Scotch
4%
Marine - Grade Intermédiaire Colonel Sharinguru
4%
Impel Down - Geôlier Bête Féroce Sphinx
4%
Marine - Haut Gradé Vice-Amiral Strawberry
4%
Équipage de Big Mom Cuisinier Streusen
4%
Équipage des Magnifiques Pirates Membre Suleiman
4%
Équipage des Kujas Membre Sweet Pea
4%
Royaume de Shishano Roi Tacos
4%
Water Seven Charpentier de la Galley-La Company Tilestone
4%
Long Ring Long Land Habitant Tonjit
4%
Équipage des Pirates Volants Capitaine Vander Decken IX
4%
Kutsukku Amie de Kid et Killer Victoria Shiruton Doruyanaika / Ella Toufay-Gicquelé
4%
Alliée de Barbe Blanche Capitaine Whitey Bay
4%
Water Seven Crapaud Yokozuna
4%
Franky Family Second Zambai
4%
Nouvel Équipage des Hommes Poissons Officier Zeo
4%
Archipel Sabaody Antonio's Graman Antonio
3%
Allié de Barbe Blanche Capitaine Arthur
3%
Équipage aux Cent Bêtes Shinuchi Babanuki / Pouilleux
3%
Équipage des Kujas Panthère Bacura
3%
Alabasta Garde Tsumegeri Barrel
3%
Équipage du Spade Membre Barry
3%
Elbaph Enfant de l'École du Morse Bent
3%
Équipage de Roger Charpentier Blumarine
3%
Marine - Grade Intermédiaire Contre-Amiral Brannew / Brandnew
3%
Révolutionnaire Membre Bunny Joe
3%
Village de Cocoyasi / Kokoyashi Habitant Chabo
3%
Famille Charlotte 32ème Fils Charlotte Brownie
3%
Famille Charlotte 9ème Fille / Ministre Meringue Charlotte Broyé
3%
Famille Charlotte 7ème Fils Charlotte Cadenza
3%
Famille Charlotte 6ème Fils Charlotte Counter
3%
Famille Charlotte 6ème Fille Charlotte Custard
3%
Famille Charlotte 5ème Fille Charlotte Effilée
3%
Famille Charlotte 29ème Fille Charlotte Joscarpone
3%
Famille Charlotte 10ème Fille Charlotte Mash
3%
Famille Charlotte 2ème Fille Charlotte Mondée
3%
Famille Charlotte 36ème Fils Charlotte Newichi / Nyûichi
3%
Famille Charlotte 15ème Fils / Ministre des Finances Charlotte Noisette
3%
Famille Charlotte 30ème Fille Charlotte Nutmeg / Muscade
3%
Royaume de Sakura "Fusion" des Sous-Fifres de Wapol Chessmarimo
3%
Flotte Yonta Maria Seconde Columbus / Corlumbus
3%
Germa 66 Servente Cosette
3%
Alabasta Éscadron des Supers Canards Cowboy
3%
Esclave Capitaine de l'Acumate Devil Dias
3%
Équipage du Faux Chapeau de Paille Membre Drip
3%
Équipage de Kid Membre Emma
3%
Allié de Barbe Blanche Capitaine Epoida
3%
Équipage de Roger Informateur Erio / Elio
3%
Équipage des Magnifiques Pirates Cheval Farul
3%
Équipage de Hawkins Membre Faust
3%
Allié de Barbe Blanche Capitaines Frères Decalvan
3%
Barto Club Missionnaire Gambia
3%
Équipage de Roger Membre Ganryu
3%
Équipage du Spade Membre Ganryu
3%
Équipage des Rocks Membre Gill Bastar
3%
Thriller Bark Général Zombie Gill Bastar [Zombie]
3%
Marine - Haut Gradé Vice-Amiral Gion (Momousagi)
3%
Marine - Grade Intermédiaire Colonel Gorilla
3%
Ohara Archéologue Gram
3%
Alter Ego de Cavendish Faucille de Rommel Hakuba
3%
Royaume de Ballywood Roi Ham Burger
3%
Weatheria Bilcan Haredas
3%
Équipage aux Cent Bêtes Numbers Hatcha
3%
Équipage d'Alvida Membre Heppoko
3%
Île des Hommes Poissons Baleine Hoe
3%
Clan d'Enel Chien Holy
3%
Marine - Haut Gradé Vice-Amiral Hound
3%
Île des Hommes Poissons Habitante Ichika / Méda-une
3%
Équipage du Lion d'Or Scientifique Indigo
3%
Royaume de Black Drum Reine Kinderella (Miss Univers)
3%
Équipage de Barbe Blanche 11ème Flotte Kingdew
3%
Pays de Wano - Kuri Village d'Amigasa Komachiyo
3%
Pays de Wano Famille Kouzuki Kouzuki Sukiyaki (Tenguyama Hitetsu)
3%
Pays de Wano Famille Kurozumi Kurozumi Semimaru
3%
Pirate Allié des Faux Chapeau de Paille Capitaine Lip Doughty
3%
Auteur de Brag Men Civil Louis Arnote
3%
Royaume de Goa Famille Dadan Magra
3%
Alabasta Éscadron des Supers Canards Matsuge / Longs-Cils
3%
Île des Hommes Poissons Café des Sirènes Mero / Melo
3%
Water Seven Habitant Michael
3%
Chevalier Divin Membre Miss Manmayer
3%
Équipage du Renard Argenté Requin Monda
3%
Royaume de Goa Monstre Marin Monstre de la Baie
3%
Baratie Cliente Moodie
3%
Personne Inconnue Ami de Loki Mosa
3%
Shandia Ancien Habitante Mousse
3%
Marine - Haut Gradé Vice-Amiral Mozambia
3%
Shandia Seigneur de la Forêt Nola / Nora
3%
Île de Port Chibaralta Patron de l'Île Oliva
3%
Marine - Haut Gradé Vice-Amiral Onigumo
3%
Egghead Groupe Pacifistas
3%
Équipage d'Arlong Musicien Pisaro
3%
Équipage aux Cent Bêtes Shinuchi Poker
3%
Marine - Haut Gradé Vice-Amiral Pomsky
3%
Équipage d'Alvida Membre Poppoko
3%
Royaume de Goa Équipage Pirate Porchemy
3%
Marine - Grade Intermédiaire Contre-Amiral Pudding Pudding
3%
Elbaph Professeur de Biologie Ripley
3%
Village Shimotsuki Famille Roronoa Roronoa Arashi
3%
Village Shimotsuki Famille Roronoa Roronoa Pinzoro
3%
Dragon Céleste Famille Rosward Rosward Shalria / Sharlia
3%
Famille de Senor Pink Femme de Senor Pink Russian / Lucian
3%
Équipage des Kujas Serpent Salome
3%
Île des Hommes Poissons Habitante Sanka / Méda-trois
3%
Île des Animeaux Rares Habitante Sarfunkel
3%
Chien des Dragons Célestes Animal Saru
3%
Chevalier Divin Membre Satchels Maffey
3%
Équipage de Roger Membre Seagull Guns Nozdon
3%
Équipage aux Cent Bêtes Shinuchi Solitaire
3%
Shells Town Loup Soro / Solo
3%
Équipage de Roger Officier de Renseignement Spencer
3%
Marine - Haut Gradé Vice-Amiral Stainless
3%
Équipage de Roger Membre Sunbell
3%
Équipage de Roger Membre Taro
3%
Alabasta Cuisinière Royale Terracotta
3%
Amazon Lily Ancienne Imperatrice Tritoma / Toritoma
3%
Participant du Corrida Colloseum Fighting Bull Ucy / Bully
3%
Équipage de Kid Membre UK
3%
Marine - Grade Intermédiaire Colonel Very Good
3%
Île des Hommes Poissons Habitante Yonka / Méda-quatre
3%
Équipage de Roger Membre Yui
3%
Participant du Corrida Colloseum Gladiatrice Acilia
2%
Allié de Barbe Blanche Capitaine Agsilly
2%
Royaume de Goa Noble Ahho Desunen IX / Beylan Foiret IX
2%
Royaume de Goa Noble Ahho Zurako / Beylan Potet
2%
Marine - Grade Intermédiaire Sous-Amiral Akehende
2%
Pirate Allié des Faux Chapeau de Paille Capitaine Albion
2%
Water Seven Secrétaire de la Galley-La Company Alice
2%
Équipage aux Cent Bêtes Gifters Alpacaman / Alpagaman
2%
CP8 Gouvernement Mondiale Alpha
2%
Allié de Barbe Blanche Capitaine Amadob
2%
Logue Town Habitant Anjo / Anjoh
2%
Allié de Barbe Blanche Capitaine Baggaley
2%
Équipage de Roger Membre Bankuro
2%
Équipage aux Cent Bêtes Shinuchi Bao Huang
2%
Équipage des Rocks Membre Barbel / Barbell
2%
Baratie Insecte Batchee
2%
Royaume de Sorbet Ancien Roi Bekori / Kourbett
2%
Équipage du Renard Argenté Membre Big Pan
2%
Allié de Barbe Blanche Capitaine Bizarre
2%
Équipage des Géants Membre Bjorn
2%
Elbaph Enfant de l'École du Morse Bjorn
2%
Allié de Barbe Blanche Capitaine Blondie
2%
Équipage de Big Mom Fou Bobbin
2%
Équipage aux Cent Bêtes Shinuchi Briscola
2%
Super-Pingouin Animal Camel
2%
Marine - Haut Gradé Vice-Amiral Cancer
2%
Marine - Grade Intermédiaire Sous-Amiral Catacombo
2%
Équipage de Roger Membre CB Gallant
2%
Famille Charlotte 31ème Fille Charlotte Akimeg / Muscadia
2%
Famille Charlotte 32ème Fille Charlotte Allmeg / Muscadelle
2%
Famille Charlotte 7ème Fille Charlotte Angel
2%
Famille Charlotte 42ème Fils Charlotte Anglais
2%
Famille Charlotte 13ème Fils Charlotte Basskarte
2%
Famille Charlotte 26ème Fils Charlotte Bavarois
2%
Famille Charlotte 8ème Fils Charlotte Cabaletta
2%
Famille Charlotte 30ème Fils / Ministre du Mélange Charlotte Chiboust
2%
Famille Charlotte 16ème Fille Charlotte Cinnamon / Cannelle
2%
Famille Charlotte 11ème Fille / Ministre Amour Charlotte Cornstarch
2%
Famille Charlotte 24ème Fils / Ministre Confiture Charlotte Dacquoise
2%
Famille Charlotte 44ème Fils Charlotte De-Chat
2%
Famille Charlotte 45ème Fils Charlotte Dolce
2%
Famille Charlotte 14ème Fils / Ministre Thé Charlotte Dosmarche
2%
Famille Charlotte 46ème Fils Charlotte Dragée
2%
Famille Charlotte 34ème Fille Charlotte Fuyumeg / Muscadette
2%
Famille Charlotte 9ème Fils Charlotte Gala
2%
Famille Charlotte 4ème Fille Charlotte Hachée
2%
Famille Charlotte 33ème Fille Charlotte Harumeg / Muscadine
2%
Famille Charlotte 20ème Fils Charlotte High-Fat
2%
Famille Charlotte 27ème Fille Charlotte Joconde
2%
Famille Charlotte 27ème Fils / Ministre de l'Agar-Agar Charlotte Kanten / Agar-Agar
2%
Famille Charlotte 28ème Fils / Ministre des Graines Charlotte Kato / Sucrage
2%
Famille Charlotte 18ème Fils Charlotte Laurin / Laurique
2%
Famille Charlotte 26ème Fille Charlotte Maple
2%
Famille Charlotte 24ème Fille Charlotte Marble
2%
Famille Charlotte 17ème Fille Charlotte Melise
2%
Famille Charlotte 31ème Fils / Ministre de la Dégustation Charlotte Mobile
2%
Famille Charlotte 12ème Fille Charlotte Mozart
2%
Famille Charlotte 25ème Fille Charlotte Myukuru / Mucre
2%
Famille Charlotte 40ème Fils Charlotte Newgo / Nyûgo
2%
Famille Charlotte 37ème Fils Charlotte Newji / Nyûji
2%
Famille Charlotte 38ème Fils Charlotte Newsan / Nyûsan
2%
Famille Charlotte 39ème Fils Charlotte Newshi / Nyûshi
2%
Famille Charlotte 38ème Fille Charlotte Normande
2%
Famille Charlotte 41ème Fils Charlotte Nougat
2%
Famille Charlotte 12ème Fils / Ministre de la Logistique Charlotte Nusstorte
2%
Famille Charlotte 28ème Fille Charlotte Panna
2%
Famille Charlotte 20ème Fille Charlotte Prim
2%
Famille Charlotte 33ème Fils Charlotte Raisin
2%
Famille Charlotte 22ème Fils / Ministre des Essences Charlotte Saint-Marc
2%
Famille Charlotte 21ème Fils / Ministre des Garnitures Charlotte Tablet / Tablette
2%
Famille Charlotte 11ème Fils / Ministre Alcool Charlotte Zuccotto
2%
Royaume de Goa Village de Foosha / Fuchsia Chicken
2%
Équipage du Faux Chapeau de Paille Membre Cocoa
2%
Île des Animeaux Rares Coq-Renard Cocox / Cocofox
2%
Village de Cocoyasi / Kokoyashi Habitant Daddy Dee
2%
Royaume de Prodence Stratège Dagama
2%
Franky Family Kairiki Destroyers Dago
2%
Équipage des Kujas Membre Daisy
2%
Royaume de Goa Noble Didit
2%
Pirate Tué par Doflamingo Capitaine Diez Barrels
2%
Équipage aux Cent Bêtes Shinuchi Dobon / Plouf
2%
Allié de Barbe Blanche Capitaine Doma
2%
Équipage de Roger Timonier Donquino
2%
Équipage de Roger Membre Doringo
2%
Alliée de Barbe Blanche Capitaine Elmy
2%
God Valley Habitante Eris
2%
Équipage de Barbe Blanche Arme Ayant Potentiellement Mangé un Fruit du Démon Fléau de Rakuyo
2%
Équipage aux Cent Bêtes Shinuchi Fourtricks
2%
Association des Victimes de Thriller Bark Pirates Frères Risky
2%
Thriller Bark Zombie Sauvage Frères Risky [Zombies]
2%
Pirate du Croissant de Lune Capitaine Gally
2%
Révolutionnaire Second de l'Armée du Sud Gambo
2%
Équipage des Rocks Membre Ganzui
2%
Thriller Bark Général Zombie Ganzui [Zombie]
2%
Village de Syrup / Sirop Groupe Gardes du Manoir
2%
Dressrosa Présentateur Gatz
2%
Équipage aux Cent Bêtes Gifters Gazelleman
2%
Famille de Senor Pink Fils de Senor Pink Gimlet
2%
Équipage aux Cent Bêtes Numbers Goki
2%
Île de Ukkari Onsen Habitant Goro
2%
Marine - Haut Gradé Vice-Amiral Guillotine
2%
Royaume de Goa Village de Foosha / Fuchsia Gyoru
2%
Pirate à la Pince de Crabe Capitaine Gyro / Jaïro
2%
Équipage aux Cent Bêtes Shinuchi Hamlet
2%
Pays de Wano Oniwabanshu Hanzo
2%
Alabasta Crabe Déménageur Hasami / Pincemi
2%
Équipage de Kid Membre Hip
2%
Orange Town Habitant Hocker / Hokker
2%
Homme Mysterieux Homme avec une Cicatrice Homme à la Marque de Feu
2%
Nouvel Équipage des Hommes Poissons Officier Hyouzou / Hyôzô
2%
Armada de Krieg Chef d'État Major des Planning Ideaman
2%
Nouvel Équipage des Hommes Poissons Officier Ikaros Much / Icaros Mucchi
2%
Pays de Wano - Kuri Ville de Bakura Ikkaku
2%
Équipage du Heart Membre Ikkaku / Narval
2%
Île des Hommes Poissons Café des Sirènes Ishilly
2%
Allié de Barbe Blanche Capitaine Islewan
2%
Royaume de Sakura Groupe Isshi-100 / Toubibs 100
2%
Alabasta Éscadron des Supers Canards Ivan X / Iwan X
2%
Équipage de Roger Musicien Jacksonbanner
2%
Équipage de Kid Membre Jaguar
2%
CP6 Gouvernement Mondiale Jerry
2%
Personne Devenue Zombie Guerrier Jigoro
2%
Thriller Bark Général Zombie Jigoro [Zombie]
2%
CP0 Gouvernement Mondiale Joseph
2%
Équipage du Clown Groupe Kairiki Domingos /Freaky Domingos
2%
Équipage d'Arlong Charpentier Kaneshiro
2%
Alabasta Nanohana Kappa
2%
Allié de Barbe Blanche /Équipage des Takotopus Capitaine Karma
2%
Équipage du Clown Groupe Karuwaza Fuwas /Équilibristes
2%
Île de Raijin Habitante Kasa
2%
Amazon Lily Habitante Kikyo
2%
Pays de Wano - Capital des Fleurs Civil Kobe
2%
Pays de Wano Famille Kurozumi Kurozumi Higurashi
2%
Marine - Haut Gradé Vice-Amiral Lacroix
2%
Île des Animeaux Rares Lion-Cochon Lionbuta / Piglion
2%
Marine - Haut Gradé Vice-Amiral Lonz / Ronse
2%
Équipage aux Cent Bêtes Gifters Madilloman / Tatouman
2%
Équipage du Faux Chapeau de Paille Membre Manjaro
2%
Dressrosa Chien Mario
2%
Équipage des Rocks Membre Marlon
2%
Marine - Haut Gradé Vice-Amiral Maynard (Capman)
2%
Allié de Barbe Blanche Capitaine McGuy
2%
Skypiea Capitaine des Bérets Blancs McKinley
2%
Easter Egg Homme sur un Avis de Recherche Mikio Itoo
2%
Équipage de Roger Tortionnaire (Interrogateur) Millet Pine
2%
Zou Medecin Miyagi / Lebouc
2%
Équipage aux Cent Bêtes Shinuchi Mizerka
2%
Royaume de Lulusia Fermière Moda
2%
Équipage de Roger Officier Tactique Moon Isaac Jr.
2%
Village de Syrup / Sirop Maire Mornin / Morning
2%
Exocet Riders / La-vie-en-rose Riders Bison Motobaro
2%
Baratie Client Motzel
2%
Équipage de Roger Membre Mr. Momora
2%
Équipage de Roger Membre Mugren
2%
Participant du Corrida Colloseum Sorcier Mummy
2%
Village de Cocoyasi / Kokoyashi Docteur Nako / Nakoh
2%
Équipage aux Cent Bêtes Numbers Nangi / Nagi
2%
Équipage du Faux Chapeau de Paille Membre Nora Gitsune
2%
Équipage du Chat Noir Charpentier Nugire Yainu
2%
Fond Marin Roi des Mers Oiseau / Birdy / Tori
2%
Pays de Wano Famille Shimotsuki Onimaru (Gyukimaru)
2%
Ohara Habitant Oran
2%
Egghead Groupe Pacifistas Mark III
2%
Archipel Sabaody Chef des Hound Pets Peterman
2%
Équipage de Roger Canonnier / Tireur d'Élite Petermoo
2%
Équipage du Renard Argenté Membre Pickles
2%
Oiseau Géant Animal Pinky
2%
Personnage "Fictif" du WEJ Germa 66 Poison Pink
2%
Équipage aux Cent Bêtes Gifters Rabbitman
2%
Pays de Wano Oniwabanshu Raijin
2%
Homies Lapin Randolph
2%
Équipage de Roger Membre Rangram
2%
Marine - Grade Intermédiaire Colonel Ratel
2%
Marine - Haut Gradé Vice-Amiral Red King
2%
Marine - Autre Grade Lieutenant Colonel Ripper / Rippa
2%
Shells Town Habitante Ririka
2%
Marine - Autre Grade Vice-Lieutenant Rokkaku
2%
Équipage aux Cent Bêtes Numbers Rokki
2%
Équipage de Roger Archéologue Rowing
2%
Baratie Cliente Roxanne
2%
Dessin de Kanjuro Dragon Ryunosuke / Dragonosuké
2%
Équipage aux Cent Bêtes Gifters Sarahebi
2%
Équipage aux Cent Bêtes Shinuchi Sheepshead
2%
Pays de Wano Famille Shimotsuki Shimotsuki Ushimaru
2%
Équipage d'Arlong Chef des Banquets Shioyaki
2%
Équipage aux Cent Bêtes Gifters Snakeman
2%
Personnage "Fictif" du WEJ Germa 66 Stealth Black
2%
Chien de Barbe Blanche Animal Stefan
2%
Alabasta Éscadron des Supers Canards Stomp
2%
Pays de Wano Yakuza Taka
2%
Équipage d'Arlong Commandant des Fêtes Take
2%
Dressrosa Commandant de l'Armée Tank Lepanto
2%
Équipage de Barbe Blanche Infirmière Tate / Teto
2%
Marine - Autre Grade Commandant du Service d'Enquête Tensei (Kurouma)
2%
Jaya Habitant Terry
2%
Révolutionnaire Membre Terry Gilteo
2%
Village de Cocoyasi / Kokoyashi Habitant Teru
2%
Royaume d'Ilisia Ancien Roi Thalassa Lucas
2%
Marine - Haut Gradé Vice-Amiral Tokikake (Chaton)
2%
Équipage de Barbe Noire Membre Tori
2%
Marine - Haut Gradé Vice-Amiral Tosa
2%
Antique Roi Démon Démon Tot Musica
2%
Zou Infirmière Tristan / Tristane
2%
Pays de Wano - Capital des Fleurs Civile Tsugaru Umi
2%
Équipage du Clown Groupe Tsunawatari Funan Brothers /
Funambules Brothers
2%
Équipage du Faux Chapeau de Paille Membre Turco
2%
Marine - Autre Grade 3ème Classe Ukkari
2%
Marine - Haut Gradé Vice-Amiral Urban
2%
Île des Animeaux Rares Lapin-Serpent Usagihebi / Serpin
2%
Révolutionnaire Second de l'Armée de l'Ouest Ushiano / Vachiano
2%
Royaume de Sankan Prince Vincent
2%
Royaume Tontatta Guerrière Wicca
2%
Équipage de Roger Membre Yamon
2%
Marine - Grade Intermédiaire Contre-Amiral Yarisugi / Jenfétro
2%
Île des Hommes Poissons Habitante Yonka Two / Méda-quatrebis
2%
Petite Fille Ayant Provoquée le Duel des Géants Civile Yuki
2%
Équipage du Nox Pirate Zepo
2%
Île des Hommes Poissons Café des Sirènes Adele
1%
Équipage du Spade Membre Aggie 68
1%
Marine - Autre Grade Grade Inconnu Aksatanain
1%
Baroque Works Billions Akumai
1%
Alabasta Garde Tsumegeri Arrow
1%
Marine - Autre Grade Sergent Asahija / Vlaljour
1%
Elbaph Cheval Porte-Bonheur Asla / Asura
1%
Pays de Wano - Capital des Fleurs Village d'Ebisu Azuki
1%
Équipage du Spade Membre Banshee
1%
Zou Habitant Bariete / Variété
1%
Royaume de Sorbet Civil Bartholomew Clapp / Krap
1%
Royaume de Roshwan Roi Beer VI
1%
Amazon Lily Habitante Belladonna
1%
Impel Down - Prisonnier Prisonnier du Niveau 5.5 Bellett
1%
Elbaph Directeur de la Bibliothèque du Hibou Biblo
1%
Équipage des Pirates Yes Capitaine Billy
1%
Pays de Wano Oniwabanshu Bishamon
1%
Elbaph Professeur de Mathématiques Blade
1%
Royaume Tontatta Guerrier Bobomba
1%
Marine - Autre Grade G-5 Bomba
1%
Royaume Tontatta Guerrier Bomba
1%
Alabasta Éscadron des Supers Canards Bourbon Jr.
1%
Alabasta Garde Tsumegeri Brahm
1%
Allié de Barbe Blanche Capitaine Brew
1%
Alliée de Barbe Blanche Capitaine Brocca
1%
Thriller Bark Zombie Surprise Buhichuck / Grui-Chuck
1%
Royaume de Sorbet Roi Bulldog
1%
Pays de Wano - Kuri Village d'Amigasa Bunbuku
1%
Pays de Wano - Capital des Fleurs Village d'Ebisu Bungo
1%
Esclave Pirate Byron
1%
Équipage aux Cent Bêtes Gifters Caimanlady
1%
Marine - Autre Grade Grade Inconnu Candre
1%
Allié de Barbe Blanche Capitaine Cands
1%
Équipage du Renard Argenté Membre Capote / Capoty
1%
Royaume d'Ilisia Roi Cezar
1%
Royaume Tontatta Guerrier Chao
1%
Punk Hazard Centaure Chappe
1%
Famille Charlotte 23ème Fils Charlotte Basans
1%
Famille Charlotte 13ème Fille / Ministre Levure Charlotte Marnier
1%
Famille Charlotte 37ème Fille Charlotte Wafers
1%
Famille Charlotte 43ème Fils Charlotte Wiro / Uiro
1%
Famille Charlotte 35ème Fils Charlotte Yuen / Yu Yuan
1%
Shandia Chef Chef des Shandias
1%
Flotte Niho / Marine des Deux Trésors Chef Chichilisia
1%
Pays de Wano - Kuri Village d'Okobore / Village des Restes Chocho
1%
Allié de Barbe Blanche Capitaine Choi
1%
Pays de Wano - Capital des Fleurs Souris Chuji
1%
Équipage du Heart Membre Clione
1%
Allié de Barbe Blanche Capitaine Colscon
1%
Marine - Haut Gradé Vice-Amiral Comil / Comir
1%
Agent du Gouvernement Mondial Gouvernement Mondiale Corgi / Corgy
1%
Équipage du Spade Membre Cornelia
1%
Île de Karakuri / Baldimore Automate Cosmo
1%
Équipage des Kujas Membre Cosmos
1%
Homies Grue Crane / Grue
1%
Équipage aux Cent Bêtes Gifters Dachoman
1%
Marine - Grade Intermédiaire Contre-Amiral Daigin
1%
Pays de Wano Oniwabanshu Daikoku
1%
Équipage des Géants Membre D. D. Tee
1%
Allié de Barbe Blanche Capitaine Delacuaji
1%
Personnage "Fictif" du WEJ Germa 66 Dengeki Blue / Electric Blue
1%
Équipage de Big Mom Membre Diesel
1%
Légende d'Elbaph Dieu Dieu de la Guerre
1%
Équipage du Spade Membre Dogya
1%
Punk Hazard Enfant Doran
1%
Marine - Haut Gradé Vice-Amiral Draw
1%
Équipage du Spade Membre Ducky Bree
1%
Empereur de la Pègre Courtier Du Feld / Lu Feld
1%
Équipage du New Age Navigateur Eddy
1%
Maître de Margarita Civil Egana / Serrien
1%
Amazon Lily Habitante Enishida
1%
Alabasta Armée Rebelle Erik
1%
Elbaph Ancienne Reine Estrid / Astrid
1%
Équipage du Spade Membre Finamore
1%
Marine - Autre Grade Docteur Fishbonen
1%
Royaume Tontatta Guerrier Flapper
1%
Franky Family Kairiki Destroyers Footbianco
1%
Allié de Barbe Blanche Capitaine Forliewbs
1%
Équipage aux Cent Bêtes Numbers Fuga
1%
Pays de Wano Oniwabanshu Fujin
1%
Clan d'Enel Oiseau Fuza
1%
Chef Rebel Civil Gaburu
1%
Royaume Tontatta Roi Gancho
1%
Équipage des Géants Membre Gantonio
1%
Personnage "Fictif" du WEJ Germa 66 Garuda
1%
Shandia Guerrier Genbo
1%
Impel Down - Prisonnier Prisonnier du Niveau 5 George Black
1%
Empereur de la Pègre Manutentionnaire Giberson
1%
Équipage du Renard Argenté Charpentier Gina
1%
Équipage aux Cent Bêtes Shinuchi Ginrummy
1%
Zou Trois Mousquetaire Giovanni
1%
CP0 Gouvernement Mondiale Gismonda
1%
Fond Marin Roi des Mers Globuleux / Googly-Eyed / Gyoro-me
1%
Marine - Autre Grade Lieutenant Colonel Glove
1%
Elbaph Lapin de la Terre des Dieux Glutbunny / Glutton Bunny
1%
Clan d'Enel Serviteur Gode
1%
Personne d'ont l'Ombre a été Volée Pirate Goo
1%
Elegia Ancien Roi Gordon
1%
Allié de Barbe Blanche Capitaine Great Michael
1%
Équipage des Maquereaux Membre Gyaro
1%
Royaume de Black Drum Chien Hakowan / Boîtoutou
1%
Équipage du Heart Timonier Hakugan
1%
Nouvel Équipage des Hommes Poissons Membre Hammond
1%
Allié de Barbe Blanche Capitaine Hangan
1%
Logue Town Habitant Hanger
1%
Pays de Wano Samouraï Hanji
1%
Pays de Wano - Capital des Fleurs Civil Hanji (Commerçant)
1%
Water Seven Charpentier Happa Yamao
1%
Allié de Barbe Blanche Capitaine Happygun
1%
Shandia Ancien Habitante Herb
1%
Pays de Wano - Kuri Village d'Amigasa Hihimaru / Baboumaru
1%
Alabasta Éscadron des Supers Canards Hikoichi
1%
Pays de Wano - Kuri Ville de Bakura Hiroshi
1%
Zou Ancien Duc Hitsugisukan / Hitsughishkan / Bêgis Khan
1%
Water Seven Habitant Hoichael
1%
Pays de Wano - Kuri Gang de Voleurs du Mt. Atama Home
1%
Baratie Client Homme aux Yeux Rouges
1%
Équipage de Kid Membre Hop
1%
Pays de Wano Mimawarigumi Hotei
1%
Équipage du Spade Membre Hublot
1%
Armada de Krieg Instructeur de Combat Hustle
1%
Alabasta Garde Tsumegeri Hyota
1%
Pirate Commerçant avec laDonquixote Family Capitaine Ibusu / Ibbs
1%
Équipage aux Cent Bêtes Numbers Inbi
1%
Thriller Bark Zombie Sauvage Inuppe / Chienguin
1%
Logue Town Marchande de Sabres Ipponume
1%
Marine - Autre Grade Sous-Lieutenant Isuka
1%
Équipage aux Cent Bêtes Numbers Jaki
1%
Dragon Céleste Famille Inconnue Jalmack
1%
Participant du Corrida Colloseum Chasseur de Primes Jean Ango
1%
Impel Down - Prisonnier Prisonnier du Niveau 1 Jean Goen
1%
Marine - Autre Grade G-5 Jero
1%
Explorateur Civil Jew Wall
1%
Pays de Wano Oniwabanshu Jigoku Benten
1%
Révolutionnaire Second de l'Armée du Nord Jiron
1%
Équipage aux Cent Bêtes Numbers Juki
1%
Allié de Barbe Blanche Capitaine Julius
1%
Équipage aux Cent Bêtes Gifters Jumper
1%
Île des Hommes Poissons Habitant Junan
1%
Thriller Bark Zombie Sauvage Kaba Shinshi / Hippo-Gentleman
1%
Marine - Grade Intermédiaire Sous-Amiral Kadar
1%
Armada de Krieg Serrurier Kagikko
1%
Archipel Sabaody Chasseur de Prime Kairiken
1%
Water Seven Habitant Kakukaku / Monsieur Carré
1%
Ancienne Alliée de Robin Civile Kanezenny / Piécette
1%
Elbaph Enfant de l'École du Morse Karin
1%
Shandia Ancien Serpent Kashigami
1%
Allié de Barbe Blanche Capitaine Kechatch
1%
Elbaph Directeur de l'École du Morse Kiba
1%
Marine - Grade Intermédiaire Contre-Amiral Kibin
1%
Équipage du Spade Membre Kimel
1%
Allié de Barbe Blanche Capitaine Kinga
1%
Île des Animeaux Rares Girafe-Tanuki Kirinkodanuki
1%
Homies Crocodile Kizoku Wany / Noble Croc
1%
Marine - Autre Grade Cuisinière Koda
1%
Punk Hazard Enfant Konbu
1%
Franky Family Membre Kop
1%
Équipage du Spade Membre Kotatsu
1%
Pays de Wano - Autre Forgeron Kotetsu
1%
Équipage des Pirates Yes Membre Koze
1%
Équipage du Spade Membre Kukai
1%
Ours de Perona Ours Kumae
1%
Équipage aux Cent Bêtes Numbers Kunyun
1%
Donquixote Family Directrice de l'Usine de SMILE Kyuin / Aspireine
1%
Marine - Autre Grade Cuisinier Kyuji
1%
Water Seven Medecin Kyukyu / Samu
1%
Donquixote Family Membre Lackey
1%
Esclave Capitaine Pirate Lacuba
1%
Homies Arbre Lady Tree / Dame Arbre
1%
Ancien CP9 Gouvernement Mondiale Laskey
1%
Équipage du Spade Membre Leonero
1%
Marine - Autre Grade 1ère Classe Lines
1%
God Valley Habitante Magnolia
1%
Marine - Autre Grade Sous-Lieutenant Makko
1%
Équipage du New Age Combattante Mani
1%
Esclave "Sirène" Marin
1%
Marine - Autre Grade Sergent Mashikaku
1%
Elbaph Habitante Mato
1%
Équipage de Roger Cuisinier MAX Marx
1%
Shandia Guerrier Mayushika
1%
Participant du Corrida Colloseum Gladiateur Meadows
1%
Équipage des Gros Casques Capitaine Mikazuki
1%
Zou Gardien Milky
1%
Royaume de Goa Village de Foosha / Fuchsia Minatomo
1%
Pays de Wano - Capital des Fleurs Civil Minatomo
1%
Archipel Sabaody Chasseur de Prime Minoruba
1%
Homies Fusion d'Homies Misery
1%
Baroque Works Millions Miss Catherina
1%
Baroque Works Millions Misty
1%
Thriller Bark Zombie Sauvage MocDonald
1%
Skypiea Habitant Mochi
1%
Zou Habitant Monjii / Pépé Monkey
1%
Équipage de Kid Membre Mosh
1%
Équipage du Faux Chapeau de Paille Membre Mounblutain
1%
Équipage aux Cent Bêtes Gifters Mouseman
1%
Baroque Works Millions Mr. Beans
1%
Baroque Works Billions Mr. Love
1%
Baroque Works Billions Mr. Mellow
1%
Whiskey Peak Pierre Tombale Mr. Sacrifice
1%
Baroque Works Millions Mr. Shimizu
1%
Impel Down - Geôlier Docteur Muchana / Muchaner
1%
Marine - Autre Grade Grade Inconnu Najimesound
1%
Whiskey Peak Civil Nanday
1%
Nouvel Équipage des Géants Homie Nash
1%
Royaume de Ringo Roi Nashi
1%
Alabasta Armée Rebelle Natto
1%
Royaume de Sakura Habitante Negikuma Maria
1%
Dessin de Kanjuro Chat Nekozaemon / Miaouzaemon
1%
Allié de Barbe Blanche Capitaine Ninth
1%
Homies Gelée Nitro
1%
Allié de Barbe Blanche Capitaine Nosgarl
1%
Royaume Tontatta Guerrier Nubon
1%
Équipage aux Cent Bêtes Gifters Nure-Onna
1%
Île des Hommes Poissons Habitante Octopako
1%
Elbaph Enfant de l'École du Morse Olav
1%
Équipage du Spade Membre Ossamondo
1%
Franky Family Kairiki Destroyers Ottoland
1%
Équipage des Pirates Yes Membre Packy
1%
Allié de Barbe Blanche Capitaine Palms
1%
Impel Down - Prisonnier Prisonnier d'un Niveau Inconnu Pankuta Dakeyan
1%
Île des Hommes Poissons Habitant Papaneel
1%
Allié de Barbe Blanche Capitaine Pavlick
1%
Pirate Ayant Attaqué Alabasta Capitaine Puppu
1%
Homies Bateau Queen Mama Chanter
1%
Pirate Vaincu par Ace Capitaine Raccoon
1%
Allié de Barbe Blanche Capitaine Ramba
1%
Pays de Kano / Pays des Fleurs Roi Ramen
1%
Allié de Barbe Blanche Capitaine Reforte / Reforto
1%
Équipage des Géants Membre Rhodes
1%
Royaume de Sakura Hippo Poilu Robson
1%
Ohara Archéologue Roche
1%
Impel Down - Prisonnier Prisonnier du Niveau 5 Roche Tomson
1%
Zou Gardien Roddy
1%
Participant du Corrida Colloseum Commandant d'Armée Rolling Logan
1%
Elbaph Enfant de l'École du Morse Ronja
1%
Île de Swallow Policier Rudd / Rad
1%
Punk Hazard Centaure Run
1%
Allié de Barbe Blanche Capitaine Rush
1%
Équipage du Spade Membre Saber
1%
Pays de Wano - Capital des Fleurs Village d'Ebisu Saki
1%
Île de Kyuka Touriste Samurai Batts
1%
Logue Town Poissonier Sapi
1%
Allié de Barbe Blanche / Équipage des Takotopus Membre Sarai
1%
Pays de Wano Oniwabanshu Sarutobi
1%
Shandia Ancien Habitant Seto
1%
Little Garden Poisson Rouge Géant Shima Kui / Gobe-Îles
1%
Village Shimotsuki Famille Shimotsuki Shimotsuki Furiko
1%
Marine - Autre Grade Sergent Shine
1%
Dressrosa Habitante Shin Jaiya / Jade Ormami
1%
Marine - Grade Intermédiaire Sous-Amiral Sicily
1%
Équipage des Géants Membre Sig
1%
Punk Hazard Enfant Sind
1%
Équipage du Spade Membre Skull
1%
Allié de Barbe Blanche Capitaine Sleepy
1%
Équipage de Big Mom Membre Soldat Nasu / Eggplant
1%
Pays de Wano - Capital des Fleurs Civile Some
1%
Participant du Corrida Colloseum Gladiateur Spartan
1%
Association des Victimes de Thriller Bark Civil Spoil
1%
Marine - Autre Grade Grade Inconnu Sspaden
1%
Marine - Autre Grade Vice-Lieutenant Stalker
1%
Royaume de Sakura Restaurateur Stool
1%
Impel Down - Geôlier Garde Sukoshiba Kanishitoru /Smoke Inpeutro
1%
Fond Marin Roi des Mers Tacheté / Mottled / Madara
1%
Royaume de Sakura Habitant Tamachibi
1%
Équipage des Maquereaux Membre Tansui
1%
Royaume Tontatta Guerrière Tarara
1%
Thriller Bark Général Zombie Tararan
1%
Équipage aux Cent Bêtes Gifters Tenjo-Sagari
1%
Équipage des Géants Membre Thormann / Thorman
1%
Royaume de Kamabakka /Kedétrav Okama Tibany
1%
Easter Egg Collecteur de Dettes Tomato Gang
1%
Dessin de Kanjuro Tigre Torasaburo
1%
Équipage de Bonney Membre Totts
1%
Île de Kumate Groupe Tribu Kumate
1%
Île de Karakuri / Baldimore Scientifique Tsukimi / Clairdelune
1%
Ancien CP9 Gouvernement Mondiale Tsumonsieur Kamaya
1%
Flotte Niho / Marine des Deux Trésors Fille du Chef Uholisia / Beurklicia
1%
Empereur de la Pègre Roi du Transport Maritime Umit
1%
Équipage du Heart Membre Uni / Oursin
1%
Pays de Wano - Capital des Fleurs Civil Urashima
1%
Punk Hazard Enfant Uzu
1%
Pants Hazard Cousin de Vegapunk Vegapants
1%
Allié de Barbe Blanche Capitaine Vitan
1%
Équipage du Spade Membre Wallace
1%
Allié de Barbe Blanche Capitaine Wallem
1%
Zou Crocodile Wany / Crocky
1%
Équipage aux Cent Bêtes Gifters Wanyudo
1%
Pirate Vaincu par Doflamingo Capitaine Wellington
1%
Royaume de South Fire Prince Wheel
1%
Physicien Civil Willie Gallon
1%
Personnage "Fictif" du WEJ Germa 66 Winch Green
1%
Marine - Haut Gradé Vice-Amiral Yamakaji
1%
Pays de Wano Yakuza Yatappe
1%
Pays de Wano Oniwabanshu Yazaemon
1%
Équipage des Tulipes Capitaine Yurikah
1%
Équipage aux Cent Bêtes Numbers Zanki
1%
Allié de Barbe Blanche Capitaine Zodia
1%
Marine - Autre Grade Lieutenant Zotto
1%
Allié de Barbe Blanche Capitaine Zucca
1%
Royaume de Kamabakka / Kedétrav Groupe 99 Maîtres de l'Okama Kenpo
0%
Elbaph Enfant de l'École du Morse Aegir
0%
Équipage aux Cent Bêtes Gifters Ageha Woman
0%
Alabasta Brigand Agotogi
0%
Participant du Corrida Colloseum Fighting Lion Agyo / Aguio
0%
Pays de Wano - Capital des Fleurs Civil Akudai Kanzaburo
0%
Punk Hazard Enfant Ally
0%
Pays de Wano - Capital des Fleurs Civil Anba
0%
Équipage des Pirates Volants Poisson-Lanterne Ankoro
0%
Impel Down - Prisonnier Prisonnier du Niveau 2 An Zengaiina
0%
Dressrosa Habitante Aremo Ganmi / Maude Izizi
0%
Île de Swallow Pirate Artur Bacca
0%
Royaume de Lvneel Roi Aruyutayan V
0%
Pays de Wano - Capital des Fleurs Civil Asashichi
0%
Alabasta Village de Yuba Aswa
0%
Pays de Wano - Kuri Ville de Bakura Atagoyama
0%
World Economic Journal Photographe Attach / Scoopman
0%
Artisan d'Okaki Civil Ayesé Mar / Ahess Ehmeir
0%
Grand-Mère du Chef Rebel Civile Baburu
0%
Marine - Autre Grade G-5 Bakezo
0%
Royaume de Frauce Reine Ban Dedessinée
0%
Pays de Wano Vassal Kouzuki Banzaburo
0%
Équipage aux Cent Bêtes Gifters Battaman
0%
Royaume Tontatta Guerrier Baxcon
0%
Archipel Sabaody Pêcheur Beak Remark
0%
Équipage aux Cent Bêtes Gifters Beegirl
0%
Équipage aux Cent Bêtes Gifters Beetleman
0%
Thriller Bark Zombie Surprise Bikkuri Bako / Jack in the Box
0%
Pucci / Petit Maire Bimine
0%
Pays de Wano - Capital des Fleurs Village d'Ebisu Bingo
0%
Équipage aux Cent Bêtes Gifters Bishonure-Onna
0%
Équipage aux Cent Bêtes Shinuchi Bisley
0%
Punk Hazard Enfant Biyo
0%
Île des Hommes Poissons Swing Jazz Orchestra Blakey
0%
Équipage des Kujas Membre Blue Fan
0%
Pays de Wano - Capital des Fleurs Village d'Ebisu Bongo
0%
Équipage de Kid Membre Boogie
0%
Île de Ukkari Onsen Singe Boss de la Forêt
0%
Île de Ukkari Onsen Taupe Boss des Tunnels
0%
Équipage de Kid Membre Bubblegum
0%
Whole Cake Island Patisier Buche
0%
Water Seven Employé de la Gare Bushon
0%
Ohara Archéologue Busshiri
0%
Équipage aux Cent Bêtes Gifters Caucasusman
0%
Ancien Allié de Robin Pirate Chesskippa / Bouchendamier
0%
Royaume Tontatta Guerrière Chicory
0%
Fond Marin Roi des Mers Chignon / Topknot / Chonmage
0%
Pays de Wano - Capital des Fleurs Civile Chihaya
0%
Shandia Ancien Prètre Chiya / Pantri
0%
Équipage aux Cent Bêtes Gifters Chochinman
0%
Whole Cake Island Policier Choco Police / Agent Chocolat
0%
Pays de Wano - Hakumai Civil Chokyumei-no Chosuke
0%
Pays de Wano Oniwabanshu Chome
0%
Équipage du Renard Argenté Super Moineau Chuchun / Tweetums / Cui-Cui
0%
Shandia Ancien Chef Coburn
0%
Archipel Sabaody Groupe Coffee Monkeys
0%
Zou Trois Mousquetaire Concelot
0%
Royaume Tontatta Guerrière Cotton
0%
Royaume de Cameron Roi Couran
0%
Passé de Ryuma Bandit Cyrano
0%
Île des Hommes Poissons Calamar Daidalos
0%
Royaume Tontatta Guerrier Daikon
0%
Participant du Corrida Colloseum Pyromane Damask
0%
Pays de Wano - Capital des Fleurs Civil Dashiteyaro
0%
Pays de Wano - Capital des Fleurs Civil Deigoro
0%
Dressrosa Coiffeuse Demoni Aiyo
0%
Elbaph Hérisson de la Terre des Dieux Dieu-Épines
0%
Équipage de Kid Membre Disc J
0%
Équipage de Kid Membre Dive
0%
Impel Down - Prisonnier Prisonnier du Niveau 6 Dobby Ibadonbo
0%
Impel Down - Prisonnier Prisonnier du Niveau 6 Doha Ittanka II
0%
Easter Egg Alien Domo-kun
0%
Équipage aux Cent Bêtes Waiters Donannoyo
0%
Équipage du Renard Argenté Charpentier Donovan
0%
Dragon Céleste Famille Donquixote Donquixote Shivercalero
0%
Pays de Wano Samouraï Dotaku
0%
Punk Hazard Créature Artificielle Dragon Numéro Treize
0%
Punk Hazard Créature Artificielle Dragon Numéro Vingt et Un
0%
Empereur de la Pègre Croque-mort Drug Peclo
0%
Fond Marin Roi des Mers Écaillé / Scales / Uroko
0%
Royaume Tontatta Guerrière Eikon
0%
Elbaph Habitant Eiri
0%
Elbaph Habitant Elbow
0%
Germa 66 Servente Époni / Epony
0%
Marine - Autre Grade Groupe Escouade des Géants
0%
Dressrosa Habitante Esta
0%
Dressrosa Habitante Ettara Chaunkai
0%
Alabasta Armée Rebelle Farafra / Farafura
0%
Punk Hazard Centaure Fen Bock
0%
Île des Hommes Poissons Café des Sirènes Fillonce
0%
Passé de Ryuma Civile Flare
0%
Impel Down - Prisonnier Prisonnier du Niveau 5.5 Francois
0%
Équipage aux Cent Bêtes Shinuchi Frères Doubt
0%
Allié du Roux Capitaine Fugar
0%
Pays de Wano Famille Fugetsu Fugetsu Kisaburo
0%
Pays de Wano Famille Fugetsu Fugetsu Omusubi
0%
Pays de Wano - Autre Habitante Fukumi
0%
Dressrosa Habitante Furika
0%
Royaume de Nagagutsu Roi Furrari
0%
Personnage sur les Billets Squelette Gaikotsu Yukichi
0%
Île de Karakuri / Baldimore Automate Galaxy
0%
Pays de Wano - Autre Grenouille Gama Pyonnosuke
0%
Pays de Wano Mimawarigumi Gangaru
0%
Clan d'Enel Groupe Gardes Divins
0%
Pays de Wano Mimawarigumi Garudan
0%
Civile d'Enies Lobby Propriétaire d'une Cafétéria Gatherine
0%
Pays de Wano - Kuri Civil Gattenshochinosukeo
0%
Pays de Wano - Capital des Fleurs Village d'Ebisu Genrin
0%
Équipage du Renard Argenté Membre George Mach
0%
Allié du Roux Capitaine Gerotini / Croâtini
0%
Équipage de Kid Membre Gig
0%
Punk Hazard Enfant Ginko
0%
Pays de Wano - Capital des Fleurs Civil Ginnosuke
0%
Pays de Wano - Capital des Fleurs Civil Giro Chintaro
0%
Équipage aux Cent Bêtes Gorille Gorishiro
0%
Pays de Wano - Kuri Village d'Okobore / Village des Restes Gorobe
0%
Royaume Tontatta Civile Grabar
0%
Pays de Wano Mimawarigumi Gurutaro
0%
Équipage de Bonney Membre Gyogyo / Ichiyo
0%
Thriller Bark Soldat Zombie Gyoro
0%
Pays de Wano Samouraï Hareji / Tetsu
0%
Pirate du Nouveau Monde Capitaine Haritsu Kendiyo
0%
Pays de Wano Mimawarigumi Hatsume
0%
Équipage aux Cent Bêtes Gifters Hawkman
0%
Équipage du New Age Cuisinier Hewitt / Helwett
0%
Pays de Wano Samouraï Hidayu
0%
Pays de Wano - Capital des Fleurs Civil Hikkomitsukumai
0%
Elbaph Serpent de la Terre des Dieux Hilmungardr / Hirmungard
0%
Pays de Wano Mimawarigumi Himuro / Jizo
0%
Équipage aux Cent Bêtes Waiters Hippan Natte
0%
Équipage des Pirates Endurance Curry Capitaine Hippie
0%
Île des Hommes Poissons Café des Sirènes Hiramera / Hiramella
0%
Équipage des Pirates Endurance Curry Membre Hiro Gomon
0%
Ohara Archéologue Hocha
0%
Pays de Wano - Capital des Fleurs Civil Hoisassa
0%
Royaume de Lvneel Medecin Honner
0%
Équipage aux Cent Bêtes Gifters Horseman
0%
Marine - Haut Gradé Vice-Amiral Hototogisu
0%
Équipage de Kid Membre House
0%
Archipel Sabaody Barman Humphrey
0%
Punk Hazard Centaure Hyoutauros
0%
Équipage aux Cent Bêtes Waiters Ibiributsu
0%
Royaume Tontatta Guerrier Inhel
0%
Pays de Wano - Kuri Ville de Bakura Inoichibannosuke
0%
Pays de Wano - Capital des Fleurs Civil Inukai
0%
Elbaph Chat de la Terre des Dieux Iscat / Iskatt
0%
Water Seven Expert en Or Ishigo Shitemanna
0%
Équipage du Renard Argenté Présentateur Itomimizu / Tubifex Lombric
0%
Royaume de Whiteland Roi Iwatobi
0%
CP6 Gouvernement Mondiale Jabari
0%
Nouvel Équipage des Hommes Poissons Commandant de la Sea Urchin Armure Spine Squad Jean Noueilles / Harisenbon
0%
Royaume de South Fire Roi Jeep
0%
Pays de Wano Samouraï Jibuemon
0%
Pays de Wano - Hakumai Civil Jigokukamabuta Megatenpanchiro
0%
Pègre Trafiquant d'Organe Jigra
0%
Jaya Habitant Jobo
0%
Elbaph Enfant de l'École du Morse Johanna
0%
Agent d'Enies Lobby Juge Jorge
0%
Egghead Assistant Joshu
0%
Archipel Sabaody Habitant Judy
0%
Pays de Wano - Hakumai Civile Jugemu Jugemuko
0%
Pays de Wano Samouraï Jujiro
0%
Thriller Bark Zombie Surprise Kabe Zombie / Mur Zombie
0%
Pays de Wano Samouraï Kagero
0%
Alabasta Conquérant d'Alabasta Kahira
0%
Île des Hommes Poissons Café des Sirènes Kairen / Kaylen
0%
Impel Down - Prisonnier Prisonnier du Niveau 5 Kairo Kureyo
0%
Pays de Wano Samouraï Kakunoshin
0%
Équipage aux Cent Bêtes Gifters Kamakirigirl
0%
Pays de Wano - Capital des Fleurs Civil Kamekichi
0%
Équipage aux Cent Bêtes Lion Kamijiro / Crocjiro
0%
Nouvel Équipage des Hommes Poissons Membre Kasagoba
0%
Pays de Wano - Capital des Fleurs Civil Katsuzo
0%
Pays de Wano Oniwabanshu Kazekage
0%
Dessin de Kanjuro Flammes Kazenbo / Moine Enflammé
0%
Alabasta Armée Rebelle Kebi
0%
Zou Gardien Keith
0%
Alabasta Éscadron des Supers Canards Kentauros / Centaurus
0%
Équipage du Renard Argenté Membre Kibagaeru
0%
Franky Family Membre Kiev / Kief
0%
Équipage de Barbe Noire Membre Kikipatsu
0%
Pays de Wano - Kuri Village d'Okobore / Village des Restes Kinbo
0%
Impel Down - Prisonnier Prisonnier du Niveau 5 Kinoko
0%
Punk Hazard Centaure Kirintauros
0%
Pays de Wano - Capital des Fleurs Civile Kisegawa
0%
Île de Karakuri / Baldimore Habitant Kitton
0%
Pays de Wano - Capital des Fleurs Village d'Ebisu Koito
0%
Pays de Wano - Autre Habitant Koiwa
0%
Pays de Wano Samouraï Kojuro
0%
Marine - Autre Grade Quatre Chefs Komakkov
0%
Royaume de Lulusia Princesse Komane
0%
Île de Swallow Pirate Koni Boakeno / Conny Boackenno
0%
Équipage aux Cent Bêtes Gifters Koshi Falcon
0%
Pays de Wano Vassal Kouzuki Koyama / Ptimont
0%
Tueuse à Gage Mère d'un Membre du CP9 Kumadori Yamanbako
0%
Pays de Wano - Capital des Fleurs Civil Kumagoro
0%
Personnage sur les Billets Ours Kumaguchi Ichiro
0%
Pays de Wano Yakuza Kuni
0%
Pays de Wano Yakuza Kurokoma
0%
Pays de Wano Samouraï Kurosawa
0%
Royaume de Lulusia Medecin Kurotsuru
0%
Île de Swallow Pirate Ladoga
0%
Royaume de Bestland Reine Lemoncheese
0%
Alliée du Roux Capitaine Linaria
0%
Île des Hommes Poissons Café des Sirènes Lulis
0%
Fond Marin Roi des Mers Mâchoire / Underbite / Shakure
0%
Alabasta Couturière Royale Maidy
0%
Long Ring Long Land Monstre Marin Maître des Eaux
0%
Alabasta Héros d'Oltea Mamudin / Mahmudin
0%
Skypiea Habitante Marilyn
0%
Pucci / Petit Habitante Marumieta / Elmata
0%
Équipage aux Cent Bêtes Waiters Massui
0%
Royaume de Roshwan Princesse Matryosaka
0%
Royaume de Roshwan Princesse Matryoseka
0%
Royaume de Roshwan Princesse Matryosoka
0%
Royaume de Roshwan Princesse Matryosuka
0%
Royaume Tontatta Guerrier Maujii / Mousy
0%
Egghead Création Mecha-Shark
0%
Agent d'Enies Lobby Groupe Meute de la Loi
0%
Équipage des Pirates Bactéries Membre Mezasuzowan Pisuo
0%
Équipage du Spade Membre Mihar
0%
Île des Hommes Poissons Swing Jazz Orchestra Miles
0%
Dressrosa Habitant Milo (Onepoco)
0%
Water Seven Rental Bull Shop Mishoin Cashible
0%
Ohara Habitante Mizuira
0%
Équipage du Rumbar Membre Mizuta Madaisuki
0%
Équipage du Rumbar Membre Mizuta Mawaritosuki
0%
Royaume de Sorbet Civile Mme Bartholomew
0%
Famille Donquixote Mère de Doflamingo Mme Donquixote
0%
Dressrosa Reine Mme Riku
0%
Famille Trafalgar Mère de Law Mme Trafalgar D. Water
0%
Équipage de Kid Membre Moai
0%
Équipage des Pirates Endurance Curry Cheval en Bois Mokuba
0%
Pays de Wano Samouraï Monjiro
0%
Royaume de Samba Roi Moqueca
0%
Royaume de Tajine Reine Mororon
0%
Équipage du Renard Argenté Membre Mountain Ricky
0%
Dressrosa Habitant Mouthto Mouthyan
0%
Skypiea Garde Céléste Moyle
0%
Famille Trafalgar Père de Law M. Trafalgar D. Water
0%
Elbaph Corbeau de la Terre des Dieux Muginn / Mugin
0%
Dressrosa Habitant Mukkashimi Tower / Sam Dikekshoz
0%
Équipage du New Age Medecin Muret / Mule
0%
Île de Foolshout Civile Muti
0%
Pays de Wano - Autre Habitant Nakaiwa
0%
Marine - Haut Gradé Vice-Amiral Nazu Ketagari
0%
Royaume de Gingaball Reine Neggy
0%
Équipage aux Cent Bêtes Waiters Neoki
0%
Amazon Lily Habitante Nerine
0%
Ancien Allié de Robin Civil Nigeratta / Soulnez
0%
Équipage aux Cent Bêtes Gifters Nightcrab Girl
0%
Easter Egg Alien Nnke-kun
0%
Équipage aux Cent Bêtes Waiters Nodoi Wakan
0%
Équipage aux Cent Bêtes Shinuchi Nokokuwa Police
0%
Équipage aux Cent Bêtes Waiters Nokotti
0%
Pays de Wano - Capital des Fleurs Village d'Ebisu Noriko
0%
Pays de Wano - Capital des Fleurs Civil Norinosuke
0%
Dessin de Kanjuro Moineau Nuke Suzume / Moineau de Traverse
0%
Germa 66 Chat Nyasha
0%
Royaume de Nagagutsu Créateur de Mode Nyornyo Nyarmani / Miaormio Miarmani
0%
Fond Marin Pieuvre Octopus Mash
0%
Île de Sphinx Habitante Oide
0%
Pays de Wano - Autre Habitant Oiwa
0%
Alabasta Armée Rebelle Okame
0%
Équipage de Hakahoka Second Okome
0%
Pays de Wano Yakuza Omasa
0%
Agent d'Enies Lobby Groupe Onze Jurés
0%
Île en Forme de Crâne Mineur Oyakata
0%
Elbaph Homie Pandora / Pandore
0%
Amazon Lily Habitante Pansy
0%
Équipage de Kid Membre Papas
0%
Équipage de Bonney Membre Part
0%
Esclave Danseuse Pascia / Pashia
0%
Royaume de Harahettania / Crevardie Habitant Pekkori
0%
Royaume Tontatta Guerrier Pellini
0%
Thriller Bark Zombie Sauvage Penguin Zombie Duo
0%
Marine - Autre Grade G-5 Pike
0%
Nouvel Équipage des Géants Chouette Piper
0%
Dragon Céleste Famille Inconnue Pluming
0%
Équipage de Kid Membre Pomp
0%
Amazon Lily Habitante Poppy
0%
Équipage de Bonney Membre Potato
0%
Roi de la Reverie Roi Potaufeu
0%
Alabasta Medecin Potsun
0%
Fond Marin Poisson Rouge Princesse des Poissons Rouges
0%
Équipage aux Cent Bêtes Waiters Pudos
0%
Alliée du Roux Capitaine Pururu / Brululu
0%
Équipage de Kid Membre Quincy
0%
Homies Tapis Rabiyan
0%
Elbaph Ancien Équipage des Géants Raideen
0%
Pays de Wano - Capital des Fleurs Civil Rakuda
0%
Équipage des Pirates Bactéries Membre Rakushitemo Terusubehainaika
0%
Royaume Tontatta Guerrier Rampo
0%
Équipage de Kid Membre Reck
0%
Egghead Création Recycle-Wan
0%
Équipage aux Cent Bêtes Gifters Redwolf
0%
Pays de Wano - Autre Sirène Renona Topakka
0%
Équipage des Kujas Membre Rindo
0%
Ohara Archéologue Rint
0%
Équipage du New Age Tireur d'Élite Rivers / Reverse
0%
Ohara Habitante Roji
0%
Archipel Sabaody Jounaliste Royder / Reuder
0%
Île des Hommes Poissons Gondole Royale Ryugu
0%
Pays de Wano - Kuri Ville de Bakura Saikoro
0%
Équipage aux Cent Bêtes Gifters Saitank
0%
Roi de la Reverie Roi Samosa
0%
Royaume de Tehna Gehna Habitant Sancrin
0%
Pays de Wano - Capital des Fleurs Civil Sandayu
0%
Donquixote Family Membre Sanshita
0%
Royaume de Jambalaya Roi Sauce
0%
Franky Family Membre Schollzo / Shoruzô
0%
Équipage des Pirates Endurance Curry Membre Scimitarta
0%
Équipage aux Cent Bêtes Gifters Scorpionlady
0%
Egghead Groupe Sea Beast Weapons
0%
Équipage des Pirates de l'Espace Capitaine Seamars
0%
Île des Hommes Poissons Café des Sirènes Seira / Ceyla
0%
Royaume de Lulusia Roi Seki
0%
Pays de Wano - Capital des Fleurs Civil Sennorikyuru
0%
Teinturier Civil Serizawa
0%
Royaume Torino / Dézoizo Habitant Shanba
0%
Thriller Bark Zombie Surprise Shikiguma / Tapis-Ours
0%
Équipage des Pirates Bactéries Membre Shikon Kettai
0%
Dressrosa Habitante Shin Detamaruka / Agathe Toulive
0%
Pays de Wano Ninja Shinosuke
0%
Amazon Lily Habitante Shion
0%
Elbaph Enfant de l'École du Morse Skaldi
0%
Punk Hazard Centaure Smooge
0%
Équipage du Renard Argenté Charpentier Sonieh
0%
Jaya Animal South Bird
0%
Île de Karakuri / Baldimore Automate Spacey
0%
Personnage "Fictif" du WEJ Germa 66 Sparking Red
0%
Jaya Habitant Spector
0%
Thriller Bark Zombie Surprise Spider Mice / Souris-Araignées
0%
Pirate Travesti Okama Splash
0%
Pirate Travesti Okama Splatter
0%
Water Seven Employé de la Gare Stevie
0%
Royaume de Beef Roi Stroganoff
0%
Pays de Wano Oniwabanshu Sugamishi
0%
Équipage des Pirates Bactéries Membre Sukare Karehosui
0%
Équipage des Pirates Bactéries Capitaine Sukare Tainen
0%
Pays de Wano Yakuza Suke
0%
Pays de Wano - Hakumai Civil Sukune
0%
Animal d'Enies Lobby Coq Suzume
0%
Pays de Wano Samouraï Tabuhachiro
0%
Pays de Wano - Capital des Fleurs Civile Takao
0%
Franky Family Membre Tamagon
0%
Pays de Wano - Capital des Fleurs Civil Tamikebao
0%
Île de Karakuri / Baldimore Chien Cyborg Taroimo
0%
Dressrosa Docteur Tegata Ringana / Al Hed
0%
Île des Hommes Poissons Habitant Togare
0%
Pays de Wano - Capital des Fleurs Civil Tokijiro
0%
Dressrosa Musicien Tomatito
0%
Pays de Wano - Capital des Fleurs Civil Tomozo
0%
Long Ring Long Land Habitant Tonjil
0%
Long Ring Long Land Habitante Tonsfer
0%
Pays de Wano - Capital des Fleurs Civil Toyama Tsujigiro
0%
Marine - Autre Grade Groupe Tribunal de la Marine
0%
Royaume de Nagagutsu Prince Tritobu
0%
Pays de Wano Yakuza Tsunagoro
0%
Impel Down - Prisonnier Prisonnier du Niveau 5.5 Tsunokkov
0%
Pays de Wano - Capital des Fleurs Civil Tsurube
0%
Pays de Wano - Capital des Fleurs Civil Tsurue Monnosuke
0%
Skypiea Ancien Dieu Ubau
0%
Dressrosa Gorille Uhho / Hou Hou
0%
Pays de Wano Samouraï Ukon
0%
Alabasta Rainbase Ultraking
0%
Thriller Bark Zombie Sauvage Unigaro
0%
Pirate Lisant le Journal Pirate Uraya Mashikatta
0%
Géant Rencontré lors du Voyage d'Oden Géant Urbain
0%
Personnage sur les Billets Lapin Usaguchi Hideo
0%
Impel Down - Prisonnier Prisonnier du Niveau 5.5 Usakkov
0%
Équipage aux Cent Bêtes Shinuchi Usunoro
0%
Forces Spécials Simiesques / Alliance Saruyama Groupe Utan Divers / Plongeurs-Outangs
0%
Équipage aux Cent Bêtes Waiters Uwattsura
0%
Pays de Wano Famille Uzuki Uzuki Namida
0%
Pays de Wano Famille Uzuki Uzuki Tempura
0%
Pays de Wano - Kuri Ville de Bakura Wakasa
0%
Shandia Guerrier Warashi
0%
Pays de Wano Oniwabanshu Warazane
0%
Pays de Wano - Capital des Fleurs Civil Waruno Furishiro
0%
Whole Cake Island Groupe WCI 31 / ITG 31
0%
Équipage aux Cent Bêtes Gifters Yamanba
0%
Pays de Wano - Kuri Village d'Okobore / Village des Restes Yame
0%
Pucci / Petit Habitant Yamenahare / Céséslat
0%
World Economic Journal Journaliste Yaneno Chinode /Iyan'eno Chinode /
Ella Mimézabi
0%
Alabasta Groupe Yatoware Boryokudan Koara-gumi /
Mercenaires de Koala
0%
Elbaph Enfant de l'École du Morse Ylva
0%
Pays de Wano - Kuri Ville de Bakura Yokan
0%
Zou Mousquetaire Yomo
0%
Alabasta Nanohana Yoshimoto
0%
Shandia Guerrier Yotsubane
0%
Équipage des Kujas Bateau Yuda
0%
Easter Egg Rival du Lutteur Panda Yurusumaji Mask / Unforgivable Mask
0%
Pirate Pourchassé par les Prélats Pirate Zabo
0%
Ohara Archéologue Zadie
0%
Île des Hommes Poissons Habitant Zururin
0%
Aucun quiz correspondant
Distribution des résultats
% des personnes avec chaque résultat
Percentile par nombre de réponses
Votre historique - résultats
Vous n’avez pas pris ce quiz depuis la dernière actualisation